{"text_format":"3","workbook":"xlsx","n_sheets":7,"sheets":["E.1.1 工程项目清单汇总表","E.2.1 分部分项工程项目清单计价表","E.3.1 措施项目清单计价表","E.4.1 其他项目清单计价表","E.4.3 专业工程暂估价明细表","E.5.1 增值税计价表","新建报表"],"read":"whole","date_system":"1900"}

{"sheet":"E.1.1 工程项目清单汇总表","index":0,"n_rows":43,"n_cols":4,"rows_kept":43,"merged":[[0,0,0,3],[1,0,1,1],[2,1,2,2],[3,1,3,2],[4,1,4,2],[5,1,5,2],[6,1,6,2],[7,1,7,2],[8,1,8,2],[9,1,9,2],[10,1,10,2],[11,1,11,2],[12,1,12,2],[13,1,13,2],[14,1,14,2],[15,1,15,2],[16,1,16,2],[17,1,17,2],[18,1,18,2],[19,1,19,2],[20,1,20,2],[21,1,21,2],[22,1,22,2],[23,1,23,2],[24,1,24,2],[25,1,25,2],[26,1,26,2],[27,1,27,2],[28,1,28,2],[29,1,29,2],[30,1,30,2],[31,1,31,2],[32,1,32,2],[33,1,33,2],[34,1,34,2],[35,1,35,2],[36,1,36,2],[37,1,37,2],[38,1,38,2],[39,1,39,2],[40,1,40,2],[41,1,41,2],[42,0,42,3]]}
["工程项目清单汇总表"]
["工程名称：政务服务中心扩容提质项目",null,"标段：政务服务中心扩容提质项目","第 1 页  共 1 页 "]
["序号","项 目 内 容",null,"金 额\n（元）"]
["1","  分部分项工程费"]
["1.1","  单项工程"]
["1.1.1","  装饰工程"]
["1.1.2","  安装工程"]
["2","  措施项目费"]
["2.1","  安全生产措施费"]
["3","  其他项目费"]
["3.1","  其中：暂列金额"]
["3.2","  其中：专业工程暂估价"]
["3.3","  其中：计日工"]
["3.4","  其中：总承包服务费"]
["3.5","  其中：合同中约定的其他项目"]
["3.6","  其中：预算包干费"]
["3.7","  其中：工程优质费"]
["3.8","  其中：消纳费"]
["4","  税前工程造价"]
["5","  增值税"]
["6","  合   计"]
{"$rows_empty":21}
["  '注：1 专业工程暂估价为已含税价格，在计算增值税计算基础时不应包含专业工程暂估价金额"]

{"sheet":"E.2.1 分部分项工程项目清单计价表","index":1,"n_rows":328,"n_cols":10,"rows_kept":328,"merged":[[0,0,0,9],[1,0,1,2],[1,3,1,6],[1,7,1,9],[2,0,3,0],[2,1,3,1],[2,2,3,3],[2,4,3,4],[2,5,3,5],[2,6,3,7],[2,8,2,9],[4,2,4,3],[4,6,4,7],[5,2,5,3],[5,6,5,7],[6,2,6,3],[6,6,6,7],[7,2,7,3],[7,6,7,7],[8,2,8,3],[8,6,8,7],[9,2,9,3],[9,6,9,7],[10,2,10,3],[10,6,10,7],[11,2,11,3],[11,6,11,7],[12,2,12,3],[12,6,12,7],[13,0,13,8],[14,0,14,9],[15,0,15,2],[15,3,15,6],[15,7,15,9],[16,0,17,0],[16,1,17,1],[16,2,17,3],[16,4,17,4],[16,5,17,5],[16,6,17,7],[16,8,16,9],[18,2,18,3],[18,6,18,7],[19,2,19,3],[19,6,19,7],[20,2,20,3],[20,6,20,7],[21,2,21,3],[21,6,21,7],[22,2,22,3],[22,6,22,7],[23,0,23,8],[24,0,24,9],[25,0,25,2],[25,3,25,6],[25,7,25,9],[26,0,27,0],[26,1,27,1],[26,2,27,3],[26,4,27,4],[26,5,27,5],[26,6,27,7],[26,8,26,9],[28,2,28,3],[28,6,28,7],[29,2,29,3],[29,6,29,7],[30,2,30,3],[30,6,30,7],[31,2,31,3],[31,6,31,7],[32,2,32,3],[32,6,32,7],[33,2,33,3],[33,6,33,7],[34,2,34,3],[34,6,34,7],[35,0,35,8],[36,0,36,9],[37,0,37,2],[37,3,37,6],[37,7,37,9],[38,0,39,0],[38,1,39,1],[38,2,39,3],[38,4,39,4],[38,5,39,5],[38,6,39,7],[38,8,38,9],[40,2,40,3],[40,6,40,7],[41,2,41,3],[41,6,41,7],[42,2,42,3],[42,6,42,7],[43,2,43,3],[43,6,43,7],[44,2,44,3],[44,6,44,7],[45,2,45,3],[45,6,45,7],[46,2,46,3],[46,6,46,7],[47,2,47,3],[47,6,47,7],[48,2,48,3],[48,6,48,7],[49,0,49,8],[50,0,50,9],[51,0,51,2],[51,3,51,6],[51,7,51,9],[52,0,53,0],[52,1,53,1],[52,2,53,3],[52,4,53,4],[52,5,53,5],[52,6,53,7],[52,8,52,9],[54,2,54,3],[54,6,54,7],[55,2,55,3],[55,6,55,7],[56,2,56,3],[56,6,56,7],[57,0,57,8],[58,0,58,9],[59,0,59,2],[59,3,59,6],[59,7,59,9],[60,0,61,0],[60,1,61,1],[60,2,61,3],[60,4,61,4],[60,5,61,5],[60,6,61,7],[60,8,60,9],[62,2,62,3],[62,6,62,7],[63,2,63,3],[63,6,63,7],[64,2,64,3],[64,6,64,7],[65,0,65,8],[66,0,66,9],[67,0,67,2],[67,3,67,6],[67,7,67,9],[68,0,69,0],[68,1,69,1],[68,2,69,3],[68,4,69,4],[68,5,69,5],[68,6,69,7],[68,8,68,9],[70,2,70,3],[70,6,70,7],[71,2,71,3],[71,6,71,7],[72,0,72,8],[73,0,73,9],[74,0,74,2],[74,3,74,6],[74,7,74,9],[75,0,76,0],[75,1,76,1],[75,2,76,3],[75,4,76,4],[75,5,76,5],[75,6,76,7],[75,8,75,9],[77,2,77,3],[77,6,77,7],[78,2,78,3],[78,6,78,7],[79,0,79,8],[80,0,80,9],[81,0,81,2],[81,3,81,6],[81,7,81,9],[82,0,83,0],[82,1,83,1],[82,2,83,3],[82,4,83,4],[82,5,83,5],[82,6,83,7],[82,8,82,9],[84,2,84,3],[84,6,84,7],[85,2,85,3],[85,6,85,7],[86,2,86,3],[86,6,86,7],[87,0,87,8],[88,0,88,9],[89,0,89,2],[89,3,89,6],[89,7,89,9],[90,0,91,0],[90,1,91,1],[90,2,91,3],[90,4,91,4],[90,5,91,5],[90,6,91,7],[90,8,90,9],[92,2,92,3],[92,6,92,7],[93,2,93,3],[93,6,93,7],[94,2,94,3],[94,6,94,7],[95,0,95,8],[96,0,96,9],[97,0,97,2],[97,3,97,6],[97,7,97,9],[98,0,99,0],[98,1,99,1],[98,2,99,3],[98,4,99,4],[98,5,99,5],[98,6,99,7],[98,8,98,9],[100,2,100,3],[100,6,100,7],[101,2,101,3],[101,6,101,7],[102,2,102,3],[102,6,102,7],[103,2,103,3],[103,6,103,7],[104,2,104,3],[104,6,104,7],[105,2,105,3],[105,6,105,7],[106,2,106,3],[106,6,106,7],[107,2,107,3],[107,6,107,7],[108,0,108,8],[109,0,109,9],[110,0,110,2],[110,3,110,6],[110,7,110,9],[111,0,112,0],[111,1,112,1],[111,2,112,3],[111,4,112,4],[111,5,112,5],[111,6,112,7],[111,8,111,9],[113,2,113,3],[113,6,113,7],[114,2,114,3],[114,6,114,7],[115,2,115,3],[115,6,115,7],[116,2,116,3],[116,6,116,7],[117,2,117,3],[117,6,117,7],[118,2,118,3],[118,6,118,7],[119,2,119,3],[119,6,119,7],[120,2,120,3],[120,6,120,7],[121,2,121,3],[121,6,121,7],[122,0,122,8],[123,0,123,9],[124,0,124,2],[124,3,124,6],[124,7,124,9],[125,0,126,0],[125,1,126,1],[125,2,126,3],[125,4,126,4],[125,5,126,5],[125,6,126,7],[125,8,125,9],[127,2,127,3],[127,6,127,7],[128,2,128,3],[128,6,128,7],[129,2,129,3],[129,6,129,7],[130,2,130,3],[130,6,130,7],[131,2,131,3],[131,6,131,7],[132,2,132,3],[132,6,132,7],[133,2,133,3],[133,6,133,7],[134,2,134,3],[134,6,134,7],[135,2,135,3],[135,6,135,7],[136,2,136,3],[136,6,136,7],[137,2,137,3],[137,6,137,7],[138,2,138,3],[138,6,138,7],[139,2,139,3],[139,6,139,7],[140,2,140,3],[140,6,140,7],[141,2,141,3],[141,6,141,7],[142,0,142,8],[143,0,143,9],[144,0,144,2],[144,3,144,6],[144,7,144,9],[145,0,146,0],[145,1,146,1],[145,2,146,3],[145,4,146,4],[145,5,146,5],[145,6,146,7],[145,8,145,9],[147,2,147,3],[147,6,147,7],[148,2,148,3],[148,6,148,7],[149,2,149,3],[149,6,149,7],[150,2,150,3],[150,6,150,7],[151,2,151,3],[151,6,151,7],[152,2,152,3],[152,6,152,7],[153,2,153,3],[153,6,153,7],[154,2,154,3],[154,6,154,7],[155,2,155,3],[155,6,155,7],[156,2,156,3],[156,6,156,7],[157,2,157,3],[157,6,157,7],[158,2,158,3],[158,6,158,7],[159,2,159,3],[159,6,159,7],[160,0,160,8],[161,0,161,9],[162,0,162,2],[162,3,162,6],[162,7,162,9],[163,0,164,0],[163,1,164,1],[163,2,164,3],[163,4,164,4],[163,5,164,5],[163,6,164,7],[163,8,163,9],[165,2,165,3],[165,6,165,7],[166,2,166,3],[166,6,166,7],[167,2,167,3],[167,6,167,7],[168,2,168,3],[168,6,168,7],[169,2,169,3],[169,6,169,7],[170,2,170,3],[170,6,170,7],[171,2,171,3],[171,6,171,7],[172,0,172,8],[173,0,173,9],[174,0,174,2],[174,3,174,6],[174,7,174,9],[175,0,176,0],[175,1,176,1],[175,2,176,3],[175,4,176,4],[175,5,176,5],[175,6,176,7],[175,8,175,9],[177,2,177,3],[177,6,177,7],[178,2,178,3],[178,6,178,7],[179,2,179,3],[179,6,179,7],[180,2,180,3],[180,6,180,7],[181,2,181,3],[181,6,181,7],[182,2,182,3],[182,6,182,7],[183,2,183,3],[183,6,183,7],[184,2,184,3],[184,6,184,7],[185,2,185,3],[185,6,185,7],[186,2,186,3],[186,6,186,7],[187,2,187,3],[187,6,187,7],[188,2,188,3],[188,6,188,7],[189,2,189,3],[189,6,189,7],[190,2,190,3],[190,6,190,7],[191,2,191,3],[191,6,191,7],[192,0,192,8],[193,0,193,9],[194,0,194,2],[194,3,194,6],[194,7,194,9],[195,0,196,0],[195,1,196,1],[195,2,196,3],[195,4,196,4],[195,5,196,5],[195,6,196,7],[195,8,195,9],[197,2,197,3],[197,6,197,7],[198,2,198,3],[198,6,198,7],[199,2,199,3],[199,6,199,7],[200,2,200,3],[200,6,200,7],[201,2,201,3],[201,6,201,7],[202,2,202,3],[202,6,202,7],[203,2,203,3],[203,6,203,7],[204,2,204,3],[204,6,204,7],[205,2,205,3],[205,6,205,7],[206,2,206,3],[206,6,206,7],[207,2,207,3],[207,6,207,7],[208,2,208,3],[208,6,208,7],[209,2,209,3],[209,6,209,7],[210,0,210,8],[211,0,211,9],[212,0,212,2],[212,3,212,6],[212,7,212,9],[213,0,214,0],[213,1,214,1],[213,2,214,3],[213,4,214,4],[213,5,214,5],[213,6,214,7],[213,8,213,9],[215,2,215,3],[215,6,215,7],[216,2,216,3],[216,6,216,7],[217,2,217,3],[217,6,217,7],[218,2,218,3],[218,6,218,7],[219,2,219,3],[219,6,219,7],[220,2,220,3],[220,6,220,7],[221,2,221,3],[221,6,221,7],[222,2,222,3],[222,6,222,7],[223,2,223,3],[223,6,223,7],[224,2,224,3],[224,6,224,7],[225,0,225,8],[226,0,226,9],[227,0,227,2],[227,3,227,6],[227,7,227,9],[228,0,229,0],[228,1,229,1],[228,2,229,3],[228,4,229,4],[228,5,229,5],[228,6,229,7],[228,8,228,9],[230,2,230,3],[230,6,230,7],[231,2,231,3],[231,6,231,7],[232,2,232,3],[232,6,232,7],[233,2,233,3],[233,6,233,7],[234,2,234,3],[234,6,234,7],[235,2,235,3],[235,6,235,7],[236,2,236,3],[236,6,236,7],[237,2,237,3],[237,6,237,7],[238,2,238,3],[238,6,238,7],[239,2,239,3],[239,6,239,7],[240,2,240,3],[240,6,240,7],[241,2,241,3],[241,6,241,7],[242,0,242,8],[243,0,243,9],[244,0,244,2],[244,3,244,6],[244,7,244,9],[245,0,246,0],[245,1,246,1],[245,2,246,3],[245,4,246,4],[245,5,246,5],[245,6,246,7],[245,8,245,9],[247,2,247,3],[247,6,247,7],[248,2,248,3],[248,6,248,7],[249,2,249,3],[249,6,249,7],[250,2,250,3],[250,6,250,7],[251,2,251,3],[251,6,251,7],[252,2,252,3],[252,6,252,7],[253,2,253,3],[253,6,253,7],[254,2,254,3],[254,6,254,7],[255,2,255,3],[255,6,255,7],[256,2,256,3],[256,6,256,7],[257,2,257,3],[257,6,257,7],[258,2,258,3],[258,6,258,7],[259,0,259,8],[260,0,260,9],[261,0,261,2],[261,3,261,6],[261,7,261,9],[262,0,263,0],[262,1,263,1],[262,2,263,3],[262,4,263,4],[262,5,263,5],[262,6,263,7],[262,8,262,9],[264,2,264,3],[264,6,264,7],[265,2,265,3],[265,6,265,7],[266,2,266,3],[266,6,266,7],[267,2,267,3],[267,6,267,7],[268,2,268,3],[268,6,268,7],[269,2,269,3],[269,6,269,7],[270,2,270,3],[270,6,270,7],[271,2,271,3],[271,6,271,7],[272,2,272,3],[272,6,272,7],[273,2,273,3],[273,6,273,7],[274,2,274,3],[274,6,274,7],[275,2,275,3],[275,6,275,7],[276,0,276,8],[277,0,277,9],[278,0,278,2],[278,3,278,6],[278,7,278,9],[279,0,280,0],[279,1,280,1],[279,2,280,3],[279,4,280,4],[279,5,280,5],[279,6,280,7],[279,8,279,9],[281,2,281,3],[281,6,281,7],[282,2,282,3],[282,6,282,7],[283,2,283,3],[283,6,283,7],[284,2,284,3],[284,6,284,7],[285,2,285,3],[285,6,285,7],[286,2,286,3],[286,6,286,7],[287,2,287,3],[287,6,287,7],[288,2,288,3],[288,6,288,7],[289,2,289,3],[289,6,289,7],[290,2,290,3],[290,6,290,7],[291,2,291,3],[291,6,291,7],[292,2,292,3],[292,6,292,7],[293,0,293,8],[294,0,294,9],[295,0,295,2],[295,3,295,6],[295,7,295,9],[296,0,297,0],[296,1,297,1],[296,2,297,3],[296,4,297,4],[296,5,297,5],[296,6,297,7],[296,8,296,9],[298,2,298,3],[298,6,298,7],[299,2,299,3],[299,6,299,7],[300,2,300,3],[300,6,300,7],[301,2,301,3],[301,6,301,7],[302,2,302,3],[302,6,302,7],[303,2,303,3],[303,6,303,7],[304,2,304,3],[304,6,304,7],[305,2,305,3],[305,6,305,7],[306,2,306,3],[306,6,306,7],[307,2,307,3],[307,6,307,7],[308,2,308,3],[308,6,308,7],[309,2,309,3],[309,6,309,7],[310,2,310,3],[310,6,310,7],[311,2,311,3],[311,6,311,7],[312,2,312,3],[312,6,312,7],[313,2,313,3],[313,6,313,7],[314,2,314,3],[314,6,314,7],[315,2,315,3],[315,6,315,7],[316,2,316,3],[316,6,316,7],[317,2,317,3],[317,6,317,7],[318,2,318,3],[318,6,318,7],[319,2,319,3],[319,6,319,7],[320,2,320,3],[320,6,320,7],[321,2,321,3],[321,6,321,7],[322,2,322,3],[322,6,322,7],[323,2,323,3],[323,6,323,7],[324,2,324,3],[324,6,324,7],[325,2,325,3],[325,6,325,7],[326,0,326,8],[327,0,327,8]]}
["分部分项工程项目清单计价表"]
["工程名称：政务服务中心扩容提质项目",null,null,"标段：政务服务中心扩容提质项目",{"$nulls":3},"第 1 页  共 23 页"]
["序号","项目编码","项目名称",null,"项目特征描述","计量\n单位","工程量",null,"金额（元）"]
[{"$nulls":8},"综合单价","合价"]
[null,null,"单项工程"]
[null,null,"装饰工程"]
[null,null,"整个项目"]
[null,null,"拆除工程"]
[31,"070101034001","人工单项拆除 砖墙（含装饰层）",null,"1.墙体拆除 砖砌墙体 实心砖墙\n2.拆除废料外运 人工装自卸汽车运 3km内 \u007f实际运距(km):10","m3",38.9935]
[32,"070101034002","人工单项拆除 开门洞",null,"1.开门窗洞口 180墙 \u007f合并制作子目 湿拌砌筑砂浆 砌筑灰缝≥5mm M5\n2.拆除废料外运 人工装自卸汽车运 3km内 \u007f实际运距(km):10","m3",0.9222]
[33,"070101038001","人工单项拆除 拆除不锈钢玻璃门",null,"1.门窗拆除(整樘) 金属 \u007f超过4m2 人工*1.5\n2.拆除废料外运 人工装自卸汽车运 3km内 \u007f实际运距(km):10","m2",14.7]
[34,"070101037001","人工单项拆除 大理石办事台",null,"1.柜体拆除 嵌入式","m",38.16]
[35,"070101052001","人工单项拆除 铲除抹灰 墙、柱面 30mm",null,"1.立面抹灰铲除 一般抹灰 砖、混凝土面\n2.拆除废料外运 人工装自卸汽车运 3km内 \u007f实际运距(km):10","m2",557.6947]
["本页小计"]
["分部分项工程项目清单计价表"]
["工程名称：政务服务中心扩容提质项目",null,null,"标段：政务服务中心扩容提质项目",{"$nulls":3},"第 2 页  共 23 页"]
["序号","项目编码","项目名称",null,"项目特征描述","计量\n单位","工程量",null,"金额（元）"]
[{"$nulls":8},"综合单价","合价"]
[36,"070101053001","人工单项拆除 铲除砖踢脚线 30mm厚",null,"1.立面块料拆除 陶瓷面砖 水泥砂浆或沥青结合层 \u007f铲除找平层 人工费+200\n2.拆除废料外运 人工装自卸汽车运 3km内 \u007f实际运距(km):10","m2",23.1818]
[37,"070101048001","人工单项拆除 块料楼地面",null,"1.平面块料拆除 块料面层 水泥砂浆结合层 \u007f铲除找平层 人工费+200\n2.拆除废料外运 人工装自卸汽车运 3km内 \u007f实际运距(km):10","m2",281.2901]
[38,"070101049001","人工单项拆除 水磨石楼地面",null,"1.楼地面整体面层拆除 水磨石面层 \u007f铲除找平层 人工费+200\n2.拆除废料外运 人工装自卸汽车运 3km内 \u007f实际运距(km):10","m2",514.6009]
[39,"070101045001","静电地板拆除",null,"1.静电地板拆除 带龙骨\n2.拆除废料外运 人工装自卸汽车运 3km内 \u007f实际运距(km):10","m2",6.2199]
[40,"070101038002","人工单项拆除 隔断(隔墙)拆除 120厚轻质板隔墙",null,"1.墙柱面拆除 金属龙骨\n2.拆除废料外运 人工装自卸汽车运 3km内 \u007f实际运距(km):10","m2",107.8496]
["本页小计"]
["分部分项工程项目清单计价表"]
["工程名称：政务服务中心扩容提质项目",null,null,"标段：政务服务中心扩容提质项目",{"$nulls":3},"第 3 页  共 23 页"]
["序号","项目编码","项目名称",null,"项目特征描述","计量\n单位","工程量",null,"金额（元）"]
[{"$nulls":8},"综合单价","合价"]
[41,"070101042001","人工单项拆除 木龙骨天棚拆除 胶合板",null,"1.天棚饰面拆除 木龙骨 其他装饰面\n2.拆除废料外运 人工装自卸汽车运 3km内 \u007f实际运距(km):10","m2",100.84]
[42,"070101043001","人工单项拆除 金属龙骨天棚拆除 铝合金",null,"1.天棚饰面拆除 金属龙骨 其他装饰面\n2.拆除废料外运 人工装自卸汽车运 3km内 \u007f实际运距(km):10","m2",580.906]
[43,"070101066001","人工单项拆除 木门",null,"1.门窗拆除(整樘) 木质\n2.拆除废料外运 人工装自卸汽车运 3km内 \u007f实际运距(km):10","m2",32.13]
[44,"070101068001","人工单项拆除 金属窗",null,"1.门窗拆除(整樘) 金属\n2.拆除废料外运 人工装自卸汽车运 3km内 \u007f实际运距(km):10","m2",18.456]
[null,null,"装饰工程"]
[45,"010401002001","蒸压灰砂砖内墙 120mm",null,"1.蒸压灰砂砖内墙 墙体厚度 11.5cm \u007f合并制作子目 湿拌砌筑砂浆 砌筑灰缝≥5mm M5","m3",38.3299]
[46,"010401002002","蒸压灰砂砖内墙 180mm",null,"1.蒸压灰砂砖内墙 墙体厚度 17.5cm \u007f合并制作子目 湿拌砌筑砂浆 砌筑灰缝≥5mm M5","m3",2.0026]
["本页小计"]
["分部分项工程项目清单计价表"]
["工程名称：政务服务中心扩容提质项目",null,null,"标段：政务服务中心扩容提质项目",{"$nulls":3},"第 4 页  共 23 页"]
["序号","项目编码","项目名称",null,"项目特征描述","计量\n单位","工程量",null,"金额（元）"]
[{"$nulls":8},"综合单价","合价"]
[47,"010502021001","构造柱",null,"1.现浇建筑物混凝土 构造柱 \u007f合并制作子目 普通预拌混凝土 碎石粒径综合考虑 C20","m3",0.8447]
[48,"010506002001","现浇混凝土柱钢筋",null,"1.现浇构件圆钢 φ25内","t",0.0985]
[49,"010506002002","现浇混凝土柱钢筋",null,"1.现浇构件箍筋 圆钢 φ10以内","t",0.037]
[50,"010506010001","植筋",null,"1.植筋 钢筋直径(mm) 12","根",40]
[51,"010505011001","构造柱模板 3.6m",null,"1.矩形柱模板(周长m) 支模高度3.6m内 1.2内","m2",14.1072]
[52,"010801001001","成品木门",null,"1.成品套装门安装","m2",13.64]
[53,"010802001001","铝合金全玻双扇平开门 带上亮(外贴防撞警示条)",null,"1.固定窗安装 矩形\n2.铝合金固定窗 矩形\n3.地弹门安装 铝合金玻璃门\n4.铝合金全玻双扇平开门46系列 无上亮\n5.特殊五金安装 地弹簧","m2",17.201]
[54,"010802001005","不锈钢拉闸门",null,"1.不锈钢拉闸门 含安装","m2",5.0814]
[55,"010802001006","双开不锈钢门",null,"1.标准全封钢门\n2.标准全封钢门","m2",3.84]
["本页小计"]
["分部分项工程项目清单计价表"]
["工程名称：政务服务中心扩容提质项目",null,null,"标段：政务服务中心扩容提质项目",{"$nulls":3},"第 5 页  共 23 页"]
["序号","项目编码","项目名称",null,"项目特征描述","计量\n单位","工程量",null,"金额（元）"]
[{"$nulls":8},"综合单价","合价"]
[56,"010802004001","乙级单扇钢质防火门",null,"1.钢质防火门安装 \u007f合并制作子目 湿拌抹灰砂浆 一次抹灰厚度≥5mm M15\n2.钢质防火门 单扇(乙级)\n3.特殊五金安装 闭门器安装 明装","m2",1.98]
[57,"010807001001","玻璃窗联门",null,"1.固定窗安装 矩形\n2.铝合金固定窗 矩形\n3.铝合金平开门安装\n4.铝合金全玻双扇平开门46系列 无上亮\n5.成品窗帘安装 百叶窗帘","m2",93.5425]
[58,"010807001002","玻璃隔断",null,"1.玻璃隔断 铝合金玻璃固定隔断 \u007f合并制作子目 湿拌抹灰砂浆 一次抹灰厚度≥5mm M15","m2",11.077]
["本页小计"]
["分部分项工程项目清单计价表"]
["工程名称：政务服务中心扩容提质项目",null,null,"标段：政务服务中心扩容提质项目",{"$nulls":3},"第 6 页  共 23 页"]
["序号","项目编码","项目名称",null,"项目特征描述","计量\n单位","工程量",null,"金额（元）"]
[{"$nulls":8},"综合单价","合价"]
[59,"011102003001","抛光砖楼地面 800*800mm",null,"1.楼地面陶瓷地砖(每块周长mm) 3200以内 水泥砂浆 \u007f合并制作子目 湿拌地面砂浆 地面普通找平 M20\n2.楼地面水泥砂浆找平层 混凝土或硬基层上 20mm \u007f实际厚度(mm):50 \u007f合并制作子目 湿拌地面砂浆 地面普通找平 M20","m2",803.4609]
[60,"011104003001","防静电地板",null,"1.楼地面水泥砂浆找平层 混凝土或硬基层上 20mm \u007f实际厚度(mm):50 \u007f合并制作子目 湿拌地面砂浆 地面普通找平 M20\n2.防静电活动地板安装(架空) 铝质","m2",6.1329]
[61,"011108001001","门槛石",null,"1.铺贴花岗岩 零星装饰 水泥砂浆 \u007f合并制作子目 湿拌地面砂浆 地面普通找平 M15","m2",3.23]
["本页小计"]
["分部分项工程项目清单计价表"]
["工程名称：政务服务中心扩容提质项目",null,null,"标段：政务服务中心扩容提质项目",{"$nulls":3},"第 7 页  共 23 页"]
["序号","项目编码","项目名称",null,"项目特征描述","计量\n单位","工程量",null,"金额（元）"]
[{"$nulls":8},"综合单价","合价"]
[62,"011105003001","仿大理石纹砖踢脚线 100mm高",null,"1.铺贴陶瓷地砖 踢脚线 水泥砂浆 \u007f合并制作子目 湿拌抹灰砂浆 一次抹灰厚度≥5mm M15\n2.底层抹灰15mm 各种墙面 内墙 \u007f合并制作子目 湿拌抹灰砂浆 一次抹灰厚度≥5mm M15","m2",42.4693]
[63,"011403001001","墙面乳胶漆",null,"1.各种墙面15+5mm 水泥石灰砂浆底 水泥石灰砂浆面 内墙 \u007f合并制作子目 湿拌抹灰砂浆 一次抹灰厚度≥5mm M15 \u007f合并制作子目 湿拌抹灰砂浆 一次抹灰厚度≥5mm M15\n2.成品腻子粉(一般型)Y型 墙面 满刮一遍 \u007f实际腻子遍数(遍):2\n3.抗碱底漆一遍 墙柱面\n4.乳胶漆底油二遍面油二遍 抹灰面 墙柱面","m2",1052.1446]
["本页小计"]
["分部分项工程项目清单计价表"]
["工程名称：政务服务中心扩容提质项目",null,null,"标段：政务服务中心扩容提质项目",{"$nulls":3},"第 8 页  共 23 页"]
["序号","项目编码","项目名称",null,"项目特征描述","计量\n单位","工程量",null,"金额（元）"]
[{"$nulls":8},"综合单价","合价"]
[64,"011403001002","独立柱面乳胶漆",null,"1.柱梁面 水泥石灰砂浆底 水泥砂浆面 15+5mm \u007f合并制作子目 湿拌抹灰砂浆 一次抹灰厚度≥5mm M15 \u007f合并制作子目 湿拌抹灰砂浆 一次抹灰厚度≥5mm M15\n2.成品腻子粉(一般型)Y型 墙面 满刮一遍 \u007f独立柱抹灰面喷刷油漆、涂料 人工*1.2 \u007f实际腻子遍数(遍):2\n3.抗碱底漆一遍 墙柱面 \u007f独立柱抹灰面喷刷油漆、涂料 人工*1.2\n4.乳胶漆底油二遍面油二遍 抹灰面 墙柱面 \u007f独立柱抹灰面喷刷油漆、涂料 人工*1.2","m2",37.3264]
[65,"011207001001","3mm白色氟碳铝板背景墙",null,"1.饰面层 电化铝板墙面 \u007f换为【白色氟碳铝板3mm】\n2.型钢龙骨 单向1500\n3.胶合板基层 9mm","m2",24.734]
["本页小计"]
["分部分项工程项目清单计价表"]
["工程名称：政务服务中心扩容提质项目",null,null,"标段：政务服务中心扩容提质项目",{"$nulls":3},"第 9 页  共 23 页"]
["序号","项目编码","项目名称",null,"项目特征描述","计量\n单位","工程量",null,"金额（元）"]
[{"$nulls":8},"综合单价","合价"]
[66,"011302001001","铝扣板吊顶 600*600mm",null,"1.装配式U型轻钢天棚龙骨(不上人型) 面层规格(mm) 600×600 平面\n2.方型铝扣板面层 600×600","m2",213.1678]
[67,"011302001002","白色透光亚克力板吊顶",null,"1.装配式U型轻钢天棚龙骨(不上人型) 面层规格(mm) 600×600 平面\n2.透光亚克力板","m2",86.6105]
[68,"011302001003","胶合板吊顶",null,"1.方木天棚龙骨(吊在人字架或搁在砖墙上) 双层龙骨 面层规格(mm) 450×450\n2.木龙骨(隔墙、间壁、隔断、护壁、天棚木骨架、木地板龙骨)防火涂料二遍 双向 \u007f实际防火涂料遍数(遍):1\n3.胶合板 \u007f天棚基层如做两层，第二层基层 人工*0.8 \u007f\n4.胶合板 \u007f\n5.乳胶漆底油二遍面油二遍 胶合板面 天棚面\n6.抗碱底漆一遍 天棚面","m2",466.202]
["本页小计"]
["分部分项工程项目清单计价表"]
["工程名称：政务服务中心扩容提质项目",null,null,"标段：政务服务中心扩容提质项目",{"$nulls":3},"第 10 页  共 23 页"]
["序号","项目编码","项目名称",null,"项目特征描述","计量\n单位","工程量",null,"金额（元）"]
[{"$nulls":8},"综合单价","合价"]
[69,"011301001001","原顶刷乳胶漆",null,"1.水泥石灰砂浆底 水泥砂浆面 10+5mm \u007f合并制作子目 湿拌抹灰砂浆 一次抹灰厚度≥5mm M15 \u007f合并制作子目 湿拌抹灰砂浆 一次抹灰厚度≥5mm M15\n2.抗碱底漆一遍 天棚面\n3.乳胶漆底油二遍面油二遍 抹灰面 天棚面","m2",26.7082]
[70,"011507001001","不锈钢公告栏 不锈钢边框+10mm厚亚克力面板",null,"1.基层 墙面灯箱基层 不锈钢框","m2",6]
[71,"010808003001","10厚大理石贴门框（长度：5.28m）",null,"1.石材门套 非成品 \u007f合并制作子目 湿拌抹灰砂浆 一次抹灰厚度≥5mm M20","m2",0.6336]
["本页小计"]
["分部分项工程项目清单计价表"]
["工程名称：政务服务中心扩容提质项目",null,null,"标段：政务服务中心扩容提质项目",{"$nulls":3},"第 11 页  共 23 页"]
["序号","项目编码","项目名称",null,"项目特征描述","计量\n单位","工程量",null,"金额（元）"]
[{"$nulls":8},"综合单价","合价"]
[72,"011501004001","办事台 米黄色石英石台面(人造石)+铝塑板贴面+50*50不锈钢支架",null,"1.台面板 天然石材 厚25mm \u007f石材宽度500mm以上 人工*0.6 \u007f合并制作子目 湿拌抹灰砂浆 一次抹灰厚度≥5mm M20\n2.定制木抽屉\n3.不锈钢支架 制作\n4.不锈钢支架 安装\n5.铝塑板饰面层 贴在胶合板基层上 墙柱面\n6.铝塑板饰面层 贴在胶合板基层上 墙柱面\n7.定制活动门板安装","m",33.81]
[73,"011205001004","智能服务区背景墙",null,"1.饰面层 纤维板","m2",17.95]
[74,"010810001001","三层百叶窗帘",null,"1.成品窗帘安装 百叶窗帘","m2",140.61]
[null,null,"电梯加建工程"]
[null,null,"土石方工程"]
[1,"010102001001","挖基坑土方",null,"1.人工挖基坑土方 一、二类土 深度在2m内\n2.挖掘机挖沟槽、基坑土方 一、二类土","m3",2.1104]
[2,"010102002001","挖沟槽土方",null,"1.人工挖沟槽土方 一、二类土 深度在2m内\n2.挖掘机挖沟槽、基坑土方 一、二类土","m3",42.9977]
[3,"010102007001","回填方",null,"1.回填土 夯实机夯实 槽、坑","m3",33.5147]
["本页小计"]
["分部分项工程项目清单计价表"]
["工程名称：政务服务中心扩容提质项目",null,null,"标段：政务服务中心扩容提质项目",{"$nulls":3},"第 12 页  共 23 页"]
["序号","项目编码","项目名称",null,"项目特征描述","计量\n单位","工程量",null,"金额（元）"]
[{"$nulls":8},"综合单价","合价"]
[4,"010103002001","余方弃置",null,"1.装载机装土方\n2.自卸汽车运土方 运距1km内 \u007f实际运距(km):10","m3",11.5934]
[null,null,"桩基工程"]
[5,"010301002001","预制钢筋混凝土空心桩",null,"1.压预制管桩 桩径300mm 桩长(m) 18以外 \u007f单位工程的工程量在1000m以内 人工*1.25,机械*1.25","m",120]
[6,"010301002002","预制钢筋混凝土空心桩 接桩",null,"1.管桩电焊接桩 φ300","个",44]
[7,"010301002003","预制钢筋混凝土空心桩 砼填芯 C35",null,"1.预制混凝土管桩填芯 填混凝土 \u007f合并制作子目 普通预拌混凝土 碎石粒径综合考虑 C35","m3",0.1005]
[8,"010301005001","截(凿)桩头",null,"1.凿桩头\n2.装载机装松散石方\n3.自卸汽车运石方 运距1km \u007f实际运距(km):10","根",4]
[9,"010506025001","钢桩尖",null,"1.钢桩尖制安","t",0.0318]
[null,null,"混凝土及钢筋混凝土工程"]
[10,"010501001001","基础垫层",null,"1.混凝土垫层 \u007f合并制作子目 普通预拌混凝土 碎石粒径综合考虑 C15","m3",1.828]
["本页小计"]
["分部分项工程项目清单计价表"]
["工程名称：政务服务中心扩容提质项目",null,null,"标段：政务服务中心扩容提质项目",{"$nulls":3},"第 13 页  共 23 页"]
["序号","项目编码","项目名称",null,"项目特征描述","计量\n单位","工程量",null,"金额（元）"]
[{"$nulls":8},"综合单价","合价"]
[11,"010502003001","筏形基础",null,"1.现浇建筑物混凝土 其他混凝土基础 \u007f合并制作子目 普通预拌混凝土 碎石粒径综合考虑 C30","m3",3.8831]
[12,"010502005001","基础联系梁",null,"1.现浇建筑物混凝土 基础梁 \u007f合并制作子目 普通预拌混凝土 碎石粒径综合考虑 C30","m3",0.3724]
[13,"010506025002","预埋铁件",null,"1.预埋铁件","t",0.0015]
[14,"010506021001","桩头插筋",null,"1.桩头插筋","t",0.046]
[15,"010506001001","现浇混凝土基础及联系梁钢筋",null,"1.现浇构件带肋钢筋 φ25以内","t",0.467]
[16,"010506001002","现浇混凝土基础及联系梁钢筋",null,"1.现浇构件箍筋 圆钢 φ10以内","t",0.026]
[17,"010505001001","垫层模板",null,"1.基础垫层模板","m2",3.8858]
[18,"010505002001","基础模板",null,"1.满堂基础模板 有梁式","m2",6.823]
[19,"010505003001","基础联系梁模板",null,"1.基础梁模板","m2",1.8]
[20,"010506010002","植筋 钢筋直径(mm) 12",null,"1.植筋 钢筋直径(mm) 12","根",32]
[21,"010506010003","植筋 钢筋直径(mm) 14",null,"1.植筋 钢筋直径(mm) 14","根",228]
[22,"010506010004","植筋 钢筋直径(mm) 18",null,"1.植筋 钢筋直径(mm) 18","根",48]
[23,"010506010005","现浇混凝土二次结构钢筋",null,"1.现浇构件带肋钢筋 φ25以内","t",0.1186]
[null,null,"金属结构工程"]
[24,"010603002001","空腹钢柱（GZ1口200*200*8）",null,"1.钢结构构件 钢柱安装 每根构件质量(t) ≤3","t",2.5322]
["本页小计"]
["分部分项工程项目清单计价表"]
["工程名称：政务服务中心扩容提质项目",null,null,"标段：政务服务中心扩容提质项目",{"$nulls":3},"第 14 页  共 23 页"]
["序号","项目编码","项目名称",null,"项目特征描述","计量\n单位","工程量",null,"金额（元）"]
[{"$nulls":8},"综合单价","合价"]
[25,"010603002002","空腹钢柱（MZ1口100*200*6）",null,"1.钢结构构件 钢柱安装 每根构件质量(t) ≤3","t",0.3581]
[26,"010604001001","钢梁（GL1口200*200*6）",null,"1.钢结构构件 钢梁安装 每根构件质量(t) ≤1.5","t",1.2729]
[27,"010604001002","钢梁（GL2口200*100*6）",null,"1.钢结构构件 钢梁安装 每根构件质量(t) ≤1.5","t",0.2719]
[null,null,"楼地面装饰工程"]
[28,"011108001002","古木纹门槛石",null,"1.铺贴花岗岩 零星装饰 水泥砂浆 \u007f合并制作子目 湿拌地面砂浆 地面普通找平 M15","m2",0.6642]
[null,null,"墙、柱面装饰与隔断、幕墙工程"]
[29,"011205001002","不锈钢板墙面",null,"1.不锈钢面板饰面层 墙面","m2",22.1716]
[30,"011205001003","5+5夹胶玻璃墙面",null,"1.玻璃隔断 全玻璃隔断 \u007f换为【夹胶玻璃5+5】","m2",71.0244]
[null,null,"家具部分（图纸未明确详细参数、材质、规格，无法询价，暂按送审价计入汇总表中）"]
[null,null,"2楼服务中心选购家具统计表"]
[null,null,"3楼社保局、移民管理局及户政选购家具统计表"]
[null,null,"广告标志标识"]
[75,"011507001009","正在办公/休息中/直饮净化水等提示牌",null,"1.材质：透明亚克力\n2.尺寸：25*15","套",5]
["本页小计"]
["分部分项工程项目清单计价表"]
["工程名称：政务服务中心扩容提质项目",null,null,"标段：政务服务中心扩容提质项目",{"$nulls":3},"第 15 页  共 23 页"]
["序号","项目编码","项目名称",null,"项目特征描述","计量\n单位","工程量",null,"金额（元）"]
[{"$nulls":8},"综合单价","合价"]
[76,"011507001010","请勿吸烟/请讲普通话/请写规范字/监控区域/无线上网覆盖WiFi/审批室/请勿大声喧哗、自助电脑区/请节约用电/询问室/休息室/办公室等提示牌",null,"1.材质：透明亚克力\n2.尺寸：30*18","套",55]
[77,"011507001011","军人优先/道德模范、身边好人等先进模范优先/为听障/视障人士提供全程无障碍导办服务/龙湖区政务服务中心学雷锋志愿服务站/老年人、残疾人服务通道/申办辅导区/投诉受理区/暂停服务等窗口台牌",null,"1.材质：透明亚克力\n2.尺寸：30*15","套",20]
[78,"011507001012","免费停车温馨提示/免费打印复印指引/业务指引等窗口台牌",null,"1.材质：透明亚克力\n2.尺寸：25*18","套",20]
[79,"011507001013","公益广告",null,"1.材质：KT板（蓝边）\n2.尺寸：53*78","套",20]
[80,"011507001014","志愿者便民服务牌",null,"1.材质：透明亚克力\n2.尺寸：37*49","套",3]
[81,"011507001015","黄线外等候",null,"1.200米","m",200]
[82,"011507001016","服务时间\n周一至周五对外服务时间：\n上午：8:45-12:00\n下午：2:30-5:30\n周六工程建设项目窗口\n对外服务时间：\n上午：9:00-11:30\n下午：2:30-5:00",null,"1.彩白彩\n2.尺寸：45*30","套",1]
["本页小计"]
["分部分项工程项目清单计价表"]
["工程名称：政务服务中心扩容提质项目",null,null,"标段：政务服务中心扩容提质项目",{"$nulls":3},"第 16 页  共 23 页"]
["序号","项目编码","项目名称",null,"项目特征描述","计量\n单位","工程量",null,"金额（元）"]
[{"$nulls":8},"综合单价","合价"]
[83,"011507001017","服务日期\n周一至周五对服务时间：\n上午：8:45-12:00\n下午：2:30-5:00",null,"1.彩白彩\n2.尺寸：40*18","套",2]
[84,"011507001018","龙湖区政务服务中心防撞红底标识",null,"1.玻璃贴（地贴）\n2.宽10cm","套",35]
[85,"011507001019","咨询台服务项目标识",null,"1.彩白彩","套",2]
[86,"011507001020","咨询台亚克力字体",null,"1.亚克力","套",3]
[87,"011507001021","门头亚克力字体",null,"1.亚克力\n2.西厅/社保专厅/公安专厅","套",3]
[88,"011507001022","证件领取",null,"1.亚克力","套",10]
[89,"011507001023","背景墙字体",null,"1.亚克力\n2.250*50","套",1]
[90,"011507001024","智能服务区标识",null,"1.亚克力\n2.背景logo及字，不含白色背景板","套",1]
[91,"011507001025","隔离带",null,"1.宽10cm，长20米","套",1]
[92,"011507001026","窗口信息牌",null,"1.亚克力\n2.50*40、50*80","套",1]
[93,"011507001027","双面灯箱",null,"1.60*45","套",1]
[94,"011507001028","门牌",null,"1.透明亚克力\n2.16.5*16.5","套",2]
[95,"011507001029","24小时智能标识",null,"1.亚克力\n2.50*80","套",1]
[96,"011507001030","服务标识",null,"1.亚克力\n2.15*35","套",10]
[97,"011507001031","公告栏",null,"1.灯布贴透明盒\n2.250*120（3块）、200*120（1块）、150*100（2块）、120*150（1块）","套",7]
["本页小计"]
["分部分项工程项目清单计价表"]
["工程名称：政务服务中心扩容提质项目",null,null,"标段：政务服务中心扩容提质项目",{"$nulls":3},"第 17 页  共 23 页"]
["序号","项目编码","项目名称",null,"项目特征描述","计量\n单位","工程量",null,"金额（元）"]
[{"$nulls":8},"综合单价","合价"]
[98,"011507001032","大门门头招牌",null,"1.铝塑板+LED发光字\n2.350*65","套",1]
[99,"011507001033","门口指引牌",null,"1.不锈钢+玻璃\n2.170*60*45","套",1]
[100,"011507001034","公安门头照牌",null,"1.底版+亚克力字体\n2.400*80","套",1]
[null,null,"安装工程"]
[null,null,"整个项目"]
[null,null,"电气系统"]
[105,"030402011001","成套配电箱ALZ",null,"1.成套配电箱安装 悬挂式(半周长m以内) 1.5","台",1]
[106,"030402011002","成套配电箱ALZ1",null,"1.成套配电箱安装 悬挂式(半周长m以内) 1.5","台",1]
[107,"030402011003","成套配电箱ALZ2",null,"1.成套配电箱安装 悬挂式(半周长m以内) 1.5","台",1]
[108,"030402011004","成套配电箱XWS",null,"1.成套配电箱安装 悬挂式(半周长m以内) 1.5","台",1]
[109,"030402011005","成套配电箱XXS",null,"1.成套配电箱安装 悬挂式(半周长m以内) 1.5","台",1]
[110,"030402011006","成套配电箱二层BG1/2/5",null,"1.成套配电箱安装 悬挂式(半周长m以内) 1.5","台",3]
[111,"030402011007","成套配电箱二层BG3/4",null,"1.成套配电箱安装 悬挂式(半周长m以内) 1.5","台",1]
["本页小计"]
["分部分项工程项目清单计价表"]
["工程名称：政务服务中心扩容提质项目",null,null,"标段：政务服务中心扩容提质项目",{"$nulls":3},"第 18 页  共 23 页"]
["序号","项目编码","项目名称",null,"项目特征描述","计量\n单位","工程量",null,"金额（元）"]
[{"$nulls":8},"综合单价","合价"]
[112,"030402011008","成套配电箱三层BG1/BG2/HZS",null,"1.成套配电箱安装 悬挂式(半周长m以内) 1.5","台",3]
[113,"030402011009","成套配电箱三层BG1~3",null,"1.成套配电箱安装 悬挂式(半周长m以内) 1.5","台",3]
[114,"030412004001","配线WDZR-BYJ-2.5",null,"1.硬绝缘导线管内穿线 导线截面(mm2以内) 2.5","m",5546.018]
[115,"030412004002","配线WDZR-BYJ4.0",null,"1.硬绝缘导线管内穿线 导线截面(mm2以内) 6","m",1160.536]
[116,"030412001001","配管PC20",null,"1.刚性难燃线管砖、混凝土结构暗配 公称直径(mm以内) 20","m",1892.033]
[117,"030412002001","线槽MR200*100",null,"1.金属线槽安装 宽+高(mm以内) 300","m",57.205]
[118,"030413002001","96X96嵌入式LED射灯18W  4500K",null,"1.点光源艺术装饰灯具安装 射灯 吸顶式 示意图号:182、183、184、185、186、187","套",83]
[119,"030413002002","600X600嵌入式LED平板灯 38W 4500K",null,"1.LED方型扣板式天花灯安装 半周长(mm) ≤1000","套",74]
[120,"030413002006","300X1200嵌入式LED平板灯 38W 4500K",null,"1.LED方型扣板式天花灯安装 半周长(mm) ≤1000","套",46]
[121,"030413002007","LED灯盘1600*1200",null,"1.LED方型扣板式天花灯安装 半周长(mm) >1000","套",34]
["本页小计"]
["分部分项工程项目清单计价表"]
["工程名称：政务服务中心扩容提质项目",null,null,"标段：政务服务中心扩容提质项目",{"$nulls":3},"第 19 页  共 23 页"]
["序号","项目编码","项目名称",null,"项目特征描述","计量\n单位","工程量",null,"金额（元）"]
[{"$nulls":8},"综合单价","合价"]
[122,"030413002008","LED灯盘1800*750",null,"1.LED方型扣板式天花灯安装 半周长(mm) >1000","套",11]
[123,"030413005001","Φ316吸顶式LED声控消防应急灯",null,"1.密闭灯具安装 应急灯 \u007f其他LED灯具安装（除嵌入式LED射灯和筒灯外） 人工*0.9","套",3]
[124,"030413002005","装饰灯",null,"1.LED装饰灯安装 LED灯带 软灯带","m",28.857]
[125,"030405015001","天花式排气扇",null,"1.风扇安装 天花式排气扇","台",23]
[126,"030413014001","单相三孔插座",null,"1.单相暗插座安装 单相(A以下) 16","套",252]
[127,"030413014002","空调插座",null,"1.单相暗插座安装 单相(A以下) 16","套",28]
[128,"030412006001","接线盒",null,"1.接线盒安装 接线盒 暗装","个",540]
[129,"030413013001","单联单控暗开关",null,"1.照明开关安装 扳式暗开关(单控) 单联","套",12]
[130,"030413013002","双联单控暗开关",null,"1.照明开关安装 扳式暗开关(单控) 双联","套",8]
[131,"030413013003","三联单控暗开关",null,"1.照明开关安装 扳式暗开关(单控) 三联","套",16]
[null,null,"给排水系统"]
[156,"031001008002","给水用PP-R-20",null,"1.给排水管道 室内塑料给水管(粘接) 公称外径(mm以内) 20\n2.管道消毒、冲洗 公称直径(mm以内) 20","m",61.37]
["本页小计"]
["分部分项工程项目清单计价表"]
["工程名称：政务服务中心扩容提质项目",null,null,"标段：政务服务中心扩容提质项目",{"$nulls":3},"第 20 页  共 23 页"]
["序号","项目编码","项目名称",null,"项目特征描述","计量\n单位","工程量",null,"金额（元）"]
[{"$nulls":8},"综合单价","合价"]
[157,"031001008003","排水用PVC-U-50",null,"1.给排水管道 室内塑料排水管(粘接) 公称外径(mm以内) 50","m",8.757]
[158,"031003003001","洗脸盆",null,"1.洗脸盆 立柱式 冷水","组",1]
[null,null,"弱电系统"]
[null,null,"叫号及信息发布系统"]
[132,"030409002001","控制电缆RVV3*4",null,"1.塑料控制电缆敷设 电缆(芯以下) 6","m",71.801]
[133,"030412004003","配线RVV2*1.5",null,"1.多芯软导线管内穿线(芯以内) 二芯 导线截面(mm2以内) 1.5","m",106.775]
[134,"030412004004","配线RVVP2*1.0",null,"1.多芯软导线管内穿线(芯以内) 二芯 导线截面(mm2以内) 1","m",51.507]
[135,"030412004005","配线RVV3*2.5",null,"1.多芯软导线管内穿线(芯以内) 四芯 导线截面(mm2以内) 2.5","m",129.164]
[136,"030502005001","光缆UTP6",null,"1.室内敷设光缆 管暗槽内穿放 12芯以下","m",291.945]
[137,"030412001002","配管PC-25",null,"1.刚性难燃线管砖、混凝土结构暗配 公称直径(mm以内) 25","m",240.435]
[null,null,"机房布置系统"]
[138,"030412004009","配线RVV2*1",null,"1.多芯软导线管内穿线(芯以内) 二芯 导线截面(mm2以内) 1","m",11.704]
["本页小计"]
["分部分项工程项目清单计价表"]
["工程名称：政务服务中心扩容提质项目",null,null,"标段：政务服务中心扩容提质项目",{"$nulls":3},"第 21 页  共 23 页"]
["序号","项目编码","项目名称",null,"项目特征描述","计量\n单位","工程量",null,"金额（元）"]
[{"$nulls":8},"综合单价","合价"]
[139,"030412001003","配管PC-25",null,"1.刚性难燃线管砖、混凝土结构暗配 公称直径(mm以内) 25","m",8.418]
[null,null,"门禁系统"]
[140,"030412004007","配线RVV3*1",null,"1.多芯软导线管内穿线(芯以内) 四芯 导线截面(mm2以内) 1","m",32.726]
[141,"030502005002","光缆UTP6",null,"1.室内敷设光缆 管暗槽内穿放 12芯以下","m",84.622]
[142,"030412001004","配管PC-25",null,"1.刚性难燃线管砖、混凝土结构暗配 公称直径(mm以内) 25","m",46.64]
[null,null,"视频监控系统"]
[143,"030412004008","配线RVVP2*0.75",null,"1.多芯软导线管内穿线(芯以内) 二芯 导线截面(mm2以内) 0.75","m",23.907]
[144,"030502005003","光缆UTP6",null,"1.室内敷设光缆 管暗槽内穿放 12芯以下","m",545.283]
[145,"030412001005","配管PC-25",null,"1.刚性难燃线管砖、混凝土结构暗配 公称直径(mm以内) 25","m",169.348]
[null,null,"无线网络系统"]
[146,"030502005004","光缆UTP6",null,"1.室内敷设光缆 管暗槽内穿放 12芯以下","m",389.074]
[147,"030412001006","配管PC-25",null,"1.刚性难燃线管砖、混凝土结构暗配 公称直径(mm以内) 25","m",140.756]
["本页小计"]
["分部分项工程项目清单计价表"]
["工程名称：政务服务中心扩容提质项目",null,null,"标段：政务服务中心扩容提质项目",{"$nulls":3},"第 22 页  共 23 页"]
["序号","项目编码","项目名称",null,"项目特征描述","计量\n单位","工程量",null,"金额（元）"]
[{"$nulls":8},"综合单价","合价"]
[null,null,"综合布线系统"]
[148,"030502002001","电话插座",null,"1.电话插座 暗装","个",83]
[149,"030502010001","单口网络插座",null,"1.安装光纤信息插座 单口","个",22]
[150,"030502010002","双口网络插座",null,"1.安装光纤信息插座 双口","个",97]
[151,"030502005005","光缆UTP6",null,"1.室内敷设光缆 管暗槽内穿放 12芯以下","m",6399.096]
[152,"030412001007","配管PC-25",null,"1.刚性难燃线管砖、混凝土结构暗配 公称直径(mm以内) 25","m",2431.331]
[153,"030412002002","线槽MR200*100",null,"1.金属线槽安装 宽+高(mm以内) 300","m",73.406]
[154,"030412002003","线槽MR100*100",null,"1.金属线槽安装 宽+高(mm以内) 300","m",54.236]
[155,"030412006007","接线盒",null,"1.接线盒安装 接线盒 暗装","个",202]
[null,null,"空调预埋部分"]
[101,"031001005001","铜管9.5/15.9",null,"1.智能集中式空调系统铜管安装 配管外径(mm以内) 15.9\n2.智能集中式空调系统铜管安装 配管外径(mm以内) 9.5","m",128.369]
[102,"031001005002","铜管6.4/12.7",null,"1.智能集中式空调系统铜管安装 配管外径(mm以内) 12.7\n2.智能集中式空调系统铜管安装 配管外径(mm以内) 6.4","m",38.314]
["本页小计"]
["分部分项工程项目清单计价表"]
["工程名称：政务服务中心扩容提质项目",null,null,"标段：政务服务中心扩容提质项目",{"$nulls":3},"第 23 页  共 23 页"]
["序号","项目编码","项目名称",null,"项目特征描述","计量\n单位","工程量",null,"金额（元）"]
[{"$nulls":8},"综合单价","合价"]
[103,"031001008004","塑料管PVC-U-DN20",null,"1.给排水管道 室内塑料给水管(粘接) 公称外径(mm以内) 20","m",73.672]
[104,"031001008005","塑料管PVC-U-DN25",null,"1.给排水管道 室内塑料给水管(粘接) 公称外径(mm以内) 25","m",82.417]
{"$rows_empty":26}
["本页小计"]
["合计"]

{"sheet":"E.3.1 措施项目清单计价表","index":2,"n_rows":62,"n_cols":8,"rows_kept":62,"merged":[[0,0,0,7],[1,0,1,1],[1,2,1,4],[1,5,1,7],[2,1,2,2],[2,4,2,5],[3,1,3,2],[3,4,3,5],[4,1,4,2],[4,4,4,5],[5,1,5,2],[5,4,5,5],[6,1,6,2],[6,4,6,5],[7,1,7,2],[7,4,7,5],[8,1,8,2],[8,4,8,5],[9,1,9,2],[9,4,9,5],[10,1,10,2],[10,4,10,5],[11,1,11,2],[11,4,11,5],[12,1,12,2],[12,4,12,5],[13,1,13,2],[13,4,13,5],[14,1,14,2],[14,4,14,5],[15,1,15,2],[15,4,15,5],[16,1,16,2],[16,4,16,5],[17,1,17,2],[17,4,17,5],[18,1,18,2],[18,4,18,5],[19,1,19,2],[19,4,19,5],[20,1,20,2],[20,4,20,5],[21,1,21,2],[21,4,21,5],[22,1,22,2],[22,4,22,5],[23,1,23,2],[23,4,23,5],[24,1,24,2],[24,4,24,5],[25,1,25,2],[25,4,25,5],[26,1,26,2],[26,4,26,5],[27,1,27,2],[27,4,27,5],[28,0,28,5],[29,0,29,7],[30,0,30,1],[30,2,30,4],[30,5,30,7],[31,1,31,2],[31,4,31,5],[32,1,32,2],[32,4,32,5],[33,1,33,2],[33,4,33,5],[34,1,34,2],[34,4,34,5],[35,1,35,2],[35,4,35,5],[36,1,36,2],[36,4,36,5],[37,1,37,2],[37,4,37,5],[38,1,38,2],[38,4,38,5],[39,1,39,2],[39,4,39,5],[40,1,40,2],[40,4,40,5],[41,1,41,2],[41,4,41,5],[42,1,42,2],[42,4,42,5],[43,1,43,2],[43,4,43,5],[44,1,44,2],[44,4,44,5],[45,1,45,2],[45,4,45,5],[46,1,46,2],[46,4,46,5],[47,1,47,2],[47,4,47,5],[48,1,48,2],[48,4,48,5],[49,1,49,2],[49,4,49,5],[50,1,50,2],[50,4,50,5],[51,1,51,2],[51,4,51,5],[52,1,52,2],[52,4,52,5],[53,1,53,2],[53,4,53,5],[54,1,54,2],[54,4,54,5],[55,1,55,2],[55,4,55,5],[56,1,56,2],[56,4,56,5],[57,1,57,2],[57,4,57,5],[58,1,58,2],[58,4,58,5],[59,0,59,5],[60,0,60,5],[61,0,61,7]]}
["措施项目清单计价表"]
["工程名称：政务服务中心扩容提质项目",null,"标段：政务服务中心扩容提质项目",null,null,"第 1 页  共 2 页"]
["序号","项目编码",null,"项 目 名 称","工作内容",null,"价格\n（元）","备注"]
["1",null,null,"措施项目",null,null,76463.36]
["1.1",null,null,"装饰工程",null,null,44174.42]
["1.1.1","1",null,"绿色施工安全防护措施费",null,null,32453.57]
["1.1.1.1","WMSGCS000002",null,"文明施工措施",null,null,5534.72]
["1.1.1.2","HJBHCS000002",null,"环境保护措施",null,null,5031.56]
["1.1.1.3","LSSSCS000002",null,"临时设施措施",null,null,6541.03]
["1.1.1.4","AQSCCS000002",null,"安全生产措施",null,null,15346.26]
["1.1.2","2",null,"措施实施费用",null,null,11720.85]
["1.1.2.1","WMGDZJF00002",null,"文明工地增加费"]
["1.1.2.2","DNASSG000002",null,"洞内、地下室内、库内或暗室内(需要照明)进行施工增加费"]
["1.1.2.3","DNASSGCC0002",null,"洞内、地下室内、库内或暗室内(需要照明)进行施工增加费（模板拆除）"]
["1.1.2.4","YJSGZJ000002",null,"夜间施工增加费"]
["1.1.2.5","GGCSF0000002",null,"赶工措施费"]
["1.1.2.6","011601001001",null,"满堂脚手架","1.满堂脚手架(钢管) 基本层(3.6~5.2m)",null,3504.38]
["1.1.2.7","011601001002",null,"天棚活动脚手架","1.天棚活动脚手架",null,2763.58]
["1.1.2.8","011601001003",null,"墙柱面活动脚手架","1.墙柱面活动脚手架",null,3645.9]
["1.1.2.9","011601001006",null,"电梯井脚手架",null,null,1806.99]
["1.2",null,null,"安装工程",null,null,32288.94]
["1.2.1","1",null,"绿色施工安全防护措施费",null,null,32288.94]
["1.2.1.1","WMSGCS000003",null,"文明施工措施",null,null,5506.64]
["1.2.1.2","HJBHCS000003",null,"环境保护措施",null,null,5006.04]
["1.2.1.3","LSSSCS000003",null,"临时设施措施",null,null,6507.85]
["1.2.1.4","AQSCCS000003",null,"安全生产措施",null,null,15268.41]
["1.2.2","2",null,"措施实施费用"]
["1.2.2.1","WMGDZJF00003",null,"文明工地增加费"]
["本页小计",{"$nulls":5},76463.36]
["措施项目清单计价表"]
["工程名称：政务服务中心扩容提质项目",null,"标段：政务服务中心扩容提质项目",null,null,"第 2 页  共 2 页"]
["序号","项目编码",null,"项 目 名 称","工作内容",null,"价格\n（元）","备注"]
["1.2.2.2","ASGDSG000003",null,"地下（暗）室、设备及大口径管道内等特殊施工部位进行施工增加费"]
["1.2.2.3","GJSJSG000003",null,"管井内、竖井内、断面小于或等于 2m2隧道或洞内、封闭吊顶天棚内施工增加费"]
["1.2.2.4","GGCSF0000003",null,"赶工措施费"]
["1.2.2.5","YJSGZJ000003",null,"夜间施工增加费"]
{"$rows_empty":23}
["本页小计"]
["合计",{"$nulls":5},76463.36,"-"]
["注:1.措施项目清单费用构成详见本标准表E.3.2，大型机械进出场及安拆费用组成见本标准表E.3.4。"]

{"sheet":"E.4.1 其他项目清单计价表","index":3,"n_rows":38,"n_cols":8,"rows_kept":38,"merged":[[0,0,0,7],[1,0,1,1],[1,2,1,5],[1,6,1,7],[2,1,2,2],[2,5,2,6],[3,1,3,2],[3,5,3,6],[4,1,4,2],[4,5,4,6],[5,1,5,2],[5,5,5,6],[6,1,6,2],[6,5,6,6],[7,1,7,2],[7,5,7,6],[8,1,8,2],[8,5,8,6],[9,1,9,2],[9,5,9,6],[10,1,10,2],[10,5,10,6],[11,1,11,2],[11,5,11,6],[12,1,12,2],[12,5,12,6],[13,1,13,2],[13,5,13,6],[14,1,14,2],[14,5,14,6],[15,1,15,2],[15,5,15,6],[16,1,16,2],[16,5,16,6],[17,1,17,2],[17,5,17,6],[18,1,18,2],[18,5,18,6],[19,1,19,2],[19,5,19,6],[20,1,20,2],[20,5,20,6],[21,1,21,2],[21,5,21,6],[22,1,22,2],[22,5,22,6],[23,1,23,2],[23,5,23,6],[24,1,24,2],[24,5,24,6],[25,1,25,2],[25,5,25,6],[26,1,26,2],[26,5,26,6],[27,1,27,2],[27,5,27,6],[28,1,28,2],[28,5,28,6],[29,1,29,2],[29,5,29,6],[30,1,30,2],[30,5,30,6],[31,1,31,2],[31,5,31,6],[32,1,32,2],[32,5,32,6],[33,1,33,2],[33,5,33,6],[34,1,34,2],[34,5,34,6],[35,1,35,2],[35,5,35,6],[36,1,36,2],[36,5,36,6],[37,0,37,2],[37,5,37,6]]}
["其他项目清单计价表"]
["工程名称：政务服务中心扩容提质项目",null,"标段：政务服务中心扩容提质项目",{"$nulls":3},"第 1 页  共 1 页"]
["序号","项目名称",null,"暂估（暂定）金额（元）","结算（确定）金额（元）","调整金额±\n（元）",null,"备注"]
["1","暂列金额",{"$nulls":5},"详见本标准表E.4.2"]
["2","专业工程暂估价",null,57400,{"$nulls":3},"详见本标准表E.4.3"]
["3","计日工",{"$nulls":5},"详见本标准表E.4.4"]
["4","总承包服务费",{"$nulls":5},"详见本标准表E.4.5"]
["5","合同中约定的其他项目"]
["6","预算包干费",null,20544.04]
["GCYZF","工程优质费"]
["XNF","消纳费"]
{"$rows_empty":26}
["合    计",null,null,77944.04,{"$nulls":3},"-"]

{"sheet":"E.4.3 专业工程暂估价明细表","index":4,"n_rows":33,"n_cols":11,"rows_kept":33,"merged":[[0,0,0,10],[1,0,1,3],[1,4,1,7],[1,8,1,10],[2,0,4,0],[2,1,4,1],[2,2,2,5],[2,6,2,8],[2,9,3,9],[2,10,4,10],[3,3,3,4],[4,3,4,4],[5,3,5,4],[6,3,6,4],[7,3,7,4],[8,3,8,4],[9,3,9,4],[10,3,10,4],[11,3,11,4],[12,3,12,4],[13,3,13,4],[14,3,14,4],[15,3,15,4],[16,3,16,4],[17,3,17,4],[18,3,18,4],[19,3,19,4],[20,3,20,4],[21,3,21,4],[22,3,22,4],[23,3,23,4],[24,3,24,4],[25,3,25,4],[26,3,26,4],[27,3,27,4],[28,3,28,4],[29,3,29,4],[30,0,30,1],[30,3,30,4],[31,0,31,1],[31,3,31,4],[32,0,32,10]]}
["专业工程暂估价明细表"]
["工程名称：政务服务中心扩容提质项目",{"$nulls":3},"标段：政务服务中心扩容提质项目",{"$nulls":3},"第 1 页  共 1 页"]
["序号","专业工程名称","暂估金额（元）",{"$nulls":3},"确认金额（元）",null,null,"调整金额±（元）","备注"]
[null,null,"不含税价格","增值税",null,"含税价格","不含税价格","增值税","含税价格"]
[null,null,"A₁","B₁",null,"C₁","A₂","B₂"]
["1","三层出入境办证大厅定制成品LED屏幕",1820,180,null,2000]
["2","各层配电箱进线电源",910,90,null,1000]
["3","利旧家具由施工单位二次拆装及搬运费",2275,225,null,2500]
["4","吸顶式排气扇管道",6279,621,null,6900]
["5","弱电综合布线系统的弱电模块耦合器等",29150,5850,null,35000]
["6","办事台（三层出入境办证大厅）",9100,900,null,10000]
{"$rows_empty":19}
["本页小计",null,49534,7866,null,57400]
["合计",null,49534,7866,null,57400,{"$nulls":4},"-"]
["注:本表\"暂估金额\"由招标人填写，投标人应将\"暂估金额\"填写并计入投标总价。结算时应合同约定的价格填写\"确认金额\"。"]

{"sheet":"E.5.1 增值税计价表","index":5,"n_rows":36,"n_cols":11,"rows_kept":36,"merged":[[0,0,0,7],[0,8,0,10],[1,0,1,10],[2,0,2,3],[2,4,2,7],[2,8,2,10],[3,0,3,1],[3,2,3,4],[3,5,3,6],[3,7,3,8],[4,0,4,1],[4,2,4,4],[4,5,4,6],[4,7,4,8],[5,0,5,1],[5,2,5,4],[5,5,5,6],[5,7,5,8],[6,0,6,1],[6,2,6,4],[6,5,6,6],[6,7,6,8],[7,0,7,1],[7,2,7,4],[7,5,7,6],[7,7,7,8],[8,0,8,1],[8,2,8,4],[8,5,8,6],[8,7,8,8],[9,0,9,1],[9,2,9,4],[9,5,9,6],[9,7,9,8],[10,0,10,1],[10,2,10,4],[10,5,10,6],[10,7,10,8],[11,0,11,1],[11,2,11,4],[11,5,11,6],[11,7,11,8],[12,0,12,1],[12,2,12,4],[12,5,12,6],[12,7,12,8],[13,0,13,1],[13,2,13,4],[13,5,13,6],[13,7,13,8],[14,0,14,1],[14,2,14,4],[14,5,14,6],[14,7,14,8],[15,0,15,1],[15,2,15,4],[15,5,15,6],[15,7,15,8],[16,0,16,1],[16,2,16,4],[16,5,16,6],[16,7,16,8],[17,0,17,1],[17,2,17,4],[17,5,17,6],[17,7,17,8],[18,0,18,1],[18,2,18,4],[18,5,18,6],[18,7,18,8],[19,0,19,1],[19,2,19,4],[19,5,19,6],[19,7,19,8],[20,0,20,1],[20,2,20,4],[20,5,20,6],[20,7,20,8],[21,0,21,1],[21,2,21,4],[21,5,21,6],[21,7,21,8],[22,0,22,1],[22,2,22,4],[22,5,22,6],[22,7,22,8],[23,0,23,1],[23,2,23,4],[23,5,23,6],[23,7,23,8],[24,0,24,1],[24,2,24,4],[24,5,24,6],[24,7,24,8],[25,0,25,1],[25,2,25,4],[25,5,25,6],[25,7,25,8],[26,0,26,1],[26,2,26,4],[26,5,26,6],[26,7,26,8],[27,0,27,1],[27,2,27,4],[27,5,27,6],[27,7,27,8],[28,0,28,1],[28,2,28,4],[28,5,28,6],[28,7,28,8],[29,0,29,1],[29,2,29,4],[29,5,29,6],[29,7,29,8],[30,0,30,1],[30,2,30,4],[30,5,30,6],[30,7,30,8],[31,0,31,1],[31,2,31,4],[31,5,31,6],[31,7,31,8],[32,0,32,1],[32,2,32,4],[32,5,32,6],[32,7,32,8],[33,0,33,1],[33,2,33,4],[33,5,33,6],[33,7,33,8],[34,0,34,1],[34,2,34,4],[34,5,34,6],[34,7,34,8],[35,0,35,9]]}
[]
["增值税计价表"]
["工程名称：政务服务中心扩容提质项目",{"$nulls":3},"标段：政务服务中心扩容提质项目",{"$nulls":3},"第 1 页 共 1 页"]
["序号",null,"项目名称",null,null,"计算基础说明",null,"计算基础",null,"税率（%）","金额（元）"]
[1,null,"增值税",null,null,"分部分项工程费+措施项目费+其他项目费-专业工程暂估价",null,970505.94,null,"9",87345.53]
{"$rows_empty":30}
["合计",{"$nulls":9},87345.53]

{"sheet":"新建报表","index":6,"n_rows":337,"n_cols":9,"rows_kept":337,"merged":[[0,0,0,8],[1,0,1,2],[1,3,1,5],[1,6,1,8],[2,2,2,3],[2,5,2,6],[3,2,3,3],[3,5,3,6],[4,2,4,3],[4,5,4,6],[5,2,5,3],[5,5,5,6],[6,2,6,3],[6,5,6,6],[7,2,7,3],[7,5,7,6],[8,2,8,3],[8,5,8,6],[9,2,9,3],[9,5,9,6],[10,2,10,3],[10,5,10,6],[11,2,11,3],[11,5,11,6],[12,2,12,3],[12,5,12,6],[13,2,13,3],[13,5,13,6],[14,2,14,3],[14,5,14,6],[15,2,15,3],[15,5,15,6],[16,2,16,3],[16,5,16,6],[17,2,17,3],[17,5,17,6],[18,2,18,3],[18,5,18,6],[19,2,19,3],[19,5,19,6],[20,2,20,3],[20,5,20,6],[21,2,21,3],[21,5,21,6],[22,2,22,3],[22,5,22,6],[23,2,23,3],[23,5,23,6],[24,2,24,3],[24,5,24,6],[25,2,25,3],[25,5,25,6],[26,2,26,3],[26,5,26,6],[27,2,27,3],[27,5,27,6],[28,2,28,3],[28,5,28,6],[29,2,29,3],[29,5,29,6],[30,2,30,3],[30,5,30,6],[31,2,31,3],[31,5,31,6],[32,2,32,3],[32,5,32,6],[33,2,33,3],[33,5,33,6],[34,0,34,8],[35,0,35,2],[35,3,35,5],[35,6,35,8],[36,2,36,3],[36,5,36,6],[37,2,37,3],[37,5,37,6],[38,2,38,3],[38,5,38,6],[39,2,39,3],[39,5,39,6],[40,2,40,3],[40,5,40,6],[41,2,41,3],[41,5,41,6],[42,2,42,3],[42,5,42,6],[43,2,43,3],[43,5,43,6],[44,2,44,3],[44,5,44,6],[45,2,45,3],[45,5,45,6],[46,2,46,3],[46,5,46,6],[47,2,47,3],[47,5,47,6],[48,2,48,3],[48,5,48,6],[49,2,49,3],[49,5,49,6],[50,2,50,3],[50,5,50,6],[51,2,51,3],[51,5,51,6],[52,2,52,3],[52,5,52,6],[53,2,53,3],[53,5,53,6],[54,2,54,3],[54,5,54,6],[55,2,55,3],[55,5,55,6],[56,2,56,3],[56,5,56,6],[57,2,57,3],[57,5,57,6],[58,2,58,3],[58,5,58,6],[59,2,59,3],[59,5,59,6],[60,2,60,3],[60,5,60,6],[61,2,61,3],[61,5,61,6],[62,2,62,3],[62,5,62,6],[63,2,63,3],[63,5,63,6],[64,2,64,3],[64,5,64,6],[65,2,65,3],[65,5,65,6],[66,2,66,3],[66,5,66,6],[67,0,67,8],[68,0,68,2],[68,3,68,5],[68,6,68,8],[69,2,69,3],[69,5,69,6],[70,2,70,3],[70,5,70,6],[71,2,71,3],[71,5,71,6],[72,2,72,3],[72,5,72,6],[73,2,73,3],[73,5,73,6],[74,2,74,3],[74,5,74,6],[75,2,75,3],[75,5,75,6],[76,2,76,3],[76,5,76,6],[77,2,77,3],[77,5,77,6],[78,2,78,3],[78,5,78,6],[79,2,79,3],[79,5,79,6],[80,2,80,3],[80,5,80,6],[81,2,81,3],[81,5,81,6],[82,2,82,3],[82,5,82,6],[83,2,83,3],[83,5,83,6],[84,2,84,3],[84,5,84,6],[85,2,85,3],[85,5,85,6],[86,2,86,3],[86,5,86,6],[87,2,87,3],[87,5,87,6],[88,2,88,3],[88,5,88,6],[89,2,89,3],[89,5,89,6],[90,2,90,3],[90,5,90,6],[91,2,91,3],[91,5,91,6],[92,2,92,3],[92,5,92,6],[93,2,93,3],[93,5,93,6],[94,2,94,3],[94,5,94,6],[95,2,95,3],[95,5,95,6],[96,2,96,3],[96,5,96,6],[97,2,97,3],[97,5,97,6],[98,2,98,3],[98,5,98,6],[99,2,99,3],[99,5,99,6],[100,0,100,8],[101,0,101,2],[101,3,101,5],[101,6,101,8],[102,2,102,3],[102,5,102,6],[103,2,103,3],[103,5,103,6],[104,2,104,3],[104,5,104,6],[105,2,105,3],[105,5,105,6],[106,2,106,3],[106,5,106,6],[107,2,107,3],[107,5,107,6],[108,2,108,3],[108,5,108,6],[109,2,109,3],[109,5,109,6],[110,2,110,3],[110,5,110,6],[111,2,111,3],[111,5,111,6],[112,2,112,3],[112,5,112,6],[113,2,113,3],[113,5,113,6],[114,2,114,3],[114,5,114,6],[115,2,115,3],[115,5,115,6],[116,2,116,3],[116,5,116,6],[117,2,117,3],[117,5,117,6],[118,2,118,3],[118,5,118,6],[119,2,119,3],[119,5,119,6],[120,2,120,3],[120,5,120,6],[121,2,121,3],[121,5,121,6],[122,2,122,3],[122,5,122,6],[123,2,123,3],[123,5,123,6],[124,2,124,3],[124,5,124,6],[125,2,125,3],[125,5,125,6],[126,2,126,3],[126,5,126,6],[127,2,127,3],[127,5,127,6],[128,2,128,3],[128,5,128,6],[129,2,129,3],[129,5,129,6],[130,2,130,3],[130,5,130,6],[131,2,131,3],[131,5,131,6],[132,2,132,3],[132,5,132,6],[133,2,133,3],[133,5,133,6],[134,0,134,8],[135,0,135,2],[135,3,135,5],[135,6,135,8],[136,2,136,3],[136,5,136,6],[137,2,137,3],[137,5,137,6],[138,2,138,3],[138,5,138,6],[139,2,139,3],[139,5,139,6],[140,2,140,3],[140,5,140,6],[141,2,141,3],[141,5,141,6],[142,2,142,3],[142,5,142,6],[143,2,143,3],[143,5,143,6],[144,2,144,3],[144,5,144,6],[145,2,145,3],[145,5,145,6],[146,2,146,3],[146,5,146,6],[147,2,147,3],[147,5,147,6],[148,2,148,3],[148,5,148,6],[149,2,149,3],[149,5,149,6],[150,2,150,3],[150,5,150,6],[151,2,151,3],[151,5,151,6],[152,2,152,3],[152,5,152,6],[153,2,153,3],[153,5,153,6],[154,2,154,3],[154,5,154,6],[155,2,155,3],[155,5,155,6],[156,2,156,3],[156,5,156,6],[157,2,157,3],[157,5,157,6],[158,2,158,3],[158,5,158,6],[159,2,159,3],[159,5,159,6],[160,2,160,3],[160,5,160,6],[161,2,161,3],[161,5,161,6],[162,2,162,3],[162,5,162,6],[163,2,163,3],[163,5,163,6],[164,2,164,3],[164,5,164,6],[165,2,165,3],[165,5,165,6],[166,2,166,3],[166,5,166,6],[167,2,167,3],[167,5,167,6],[168,0,168,8],[169,0,169,2],[169,3,169,5],[169,6,169,8],[170,2,170,3],[170,5,170,6],[171,2,171,3],[171,5,171,6],[172,2,172,3],[172,5,172,6],[173,2,173,3],[173,5,173,6],[174,2,174,3],[174,5,174,6],[175,2,175,3],[175,5,175,6],[176,2,176,3],[176,5,176,6],[177,2,177,3],[177,5,177,6],[178,2,178,3],[178,5,178,6],[179,2,179,3],[179,5,179,6],[180,2,180,3],[180,5,180,6],[181,2,181,3],[181,5,181,6],[182,2,182,3],[182,5,182,6],[183,2,183,3],[183,5,183,6],[184,2,184,3],[184,5,184,6],[185,2,185,3],[185,5,185,6],[186,2,186,3],[186,5,186,6],[187,2,187,3],[187,5,187,6],[188,2,188,3],[188,5,188,6],[189,2,189,3],[189,5,189,6],[190,2,190,3],[190,5,190,6],[191,2,191,3],[191,5,191,6],[192,2,192,3],[192,5,192,6],[193,2,193,3],[193,5,193,6],[194,2,194,3],[194,5,194,6],[195,2,195,3],[195,5,195,6],[196,2,196,3],[196,5,196,6],[197,2,197,3],[197,5,197,6],[198,0,198,8],[199,0,199,2],[199,3,199,5],[199,6,199,8],[200,2,200,3],[200,5,200,6],[201,2,201,3],[201,5,201,6],[202,2,202,3],[202,5,202,6],[203,2,203,3],[203,5,203,6],[204,2,204,3],[204,5,204,6],[205,2,205,3],[205,5,205,6],[206,2,206,3],[206,5,206,6],[207,2,207,3],[207,5,207,6],[208,2,208,3],[208,5,208,6],[209,2,209,3],[209,5,209,6],[210,2,210,3],[210,5,210,6],[211,2,211,3],[211,5,211,6],[212,2,212,3],[212,5,212,6],[213,2,213,3],[213,5,213,6],[214,2,214,3],[214,5,214,6],[215,2,215,3],[215,5,215,6],[216,2,216,3],[216,5,216,6],[217,0,217,8],[218,0,218,2],[218,3,218,5],[218,6,218,8],[219,2,219,3],[219,5,219,6],[220,2,220,3],[220,5,220,6],[221,2,221,3],[221,5,221,6],[222,2,222,3],[222,5,222,6],[223,2,223,3],[223,5,223,6],[224,2,224,3],[224,5,224,6],[225,2,225,3],[225,5,225,6],[226,2,226,3],[226,5,226,6],[227,2,227,3],[227,5,227,6],[228,2,228,3],[228,5,228,6],[229,2,229,3],[229,5,229,6],[230,2,230,3],[230,5,230,6],[231,2,231,3],[231,5,231,6],[232,2,232,3],[232,5,232,6],[233,2,233,3],[233,5,233,6],[234,2,234,3],[234,5,234,6],[235,2,235,3],[235,5,235,6],[236,2,236,3],[236,5,236,6],[237,0,237,8],[238,0,238,2],[238,3,238,5],[238,6,238,8],[239,2,239,3],[239,5,239,6],[240,2,240,3],[240,5,240,6],[241,2,241,3],[241,5,241,6],[242,2,242,3],[242,5,242,6],[243,2,243,3],[243,5,243,6],[244,2,244,3],[244,5,244,6],[245,2,245,3],[245,5,245,6],[246,2,246,3],[246,5,246,6],[247,2,247,3],[247,5,247,6],[248,2,248,3],[248,5,248,6],[249,2,249,3],[249,5,249,6],[250,0,250,8],[251,0,251,2],[251,3,251,5],[251,6,251,8],[252,2,252,3],[252,5,252,6],[253,2,253,3],[253,5,253,6],[254,2,254,3],[254,5,254,6],[255,2,255,3],[255,5,255,6],[256,2,256,3],[256,5,256,6],[257,2,257,3],[257,5,257,6],[258,2,258,3],[258,5,258,6],[259,2,259,3],[259,5,259,6],[260,2,260,3],[260,5,260,6],[261,2,261,3],[261,5,261,6],[262,2,262,3],[262,5,262,6],[263,2,263,3],[263,5,263,6],[264,2,264,3],[264,5,264,6],[265,2,265,3],[265,5,265,6],[266,2,266,3],[266,5,266,6],[267,2,267,3],[267,5,267,6],[268,2,268,3],[268,5,268,6],[269,2,269,3],[269,5,269,6],[270,2,270,3],[270,5,270,6],[271,2,271,3],[271,5,271,6],[272,2,272,3],[272,5,272,6],[273,2,273,3],[273,5,273,6],[274,0,274,8],[275,0,275,2],[275,3,275,5],[275,6,275,8],[276,2,276,3],[276,5,276,6],[277,2,277,3],[277,5,277,6],[278,2,278,3],[278,5,278,6],[279,2,279,3],[279,5,279,6],[280,2,280,3],[280,5,280,6],[281,2,281,3],[281,5,281,6],[282,2,282,3],[282,5,282,6],[283,2,283,3],[283,5,283,6],[284,2,284,3],[284,5,284,6],[285,2,285,3],[285,5,285,6],[286,2,286,3],[286,5,286,6],[287,2,287,3],[287,5,287,6],[288,2,288,3],[288,5,288,6],[289,2,289,3],[289,5,289,6],[290,2,290,3],[290,5,290,6],[291,2,291,3],[291,5,291,6],[292,2,292,3],[292,5,292,6],[293,2,293,3],[293,5,293,6],[294,2,294,3],[294,5,294,6],[295,2,295,3],[295,5,295,6],[296,0,296,8],[297,0,297,2],[297,3,297,5],[297,6,297,8],[298,2,298,3],[298,5,298,6],[299,2,299,3],[299,5,299,6],[300,2,300,3],[300,5,300,6],[301,2,301,3],[301,5,301,6],[302,2,302,3],[302,5,302,6],[303,2,303,3],[303,5,303,6],[304,2,304,3],[304,5,304,6],[305,2,305,3],[305,5,305,6],[306,2,306,3],[306,5,306,6],[307,2,307,3],[307,5,307,6],[308,2,308,3],[308,5,308,6],[309,2,309,3],[309,5,309,6],[310,2,310,3],[310,5,310,6],[311,2,311,3],[311,5,311,6],[312,2,312,3],[312,5,312,6],[313,2,313,3],[313,5,313,6],[314,2,314,3],[314,5,314,6],[315,2,315,3],[315,5,315,6],[316,2,316,3],[316,5,316,6],[317,2,317,3],[317,5,317,6],[318,2,318,3],[318,5,318,6],[319,2,319,3],[319,5,319,6],[320,2,320,3],[320,5,320,6],[321,2,321,3],[321,5,321,6],[322,0,322,8],[323,0,323,2],[323,3,323,5],[323,6,323,8],[324,2,324,3],[324,5,324,6],[325,2,325,3],[325,5,325,6],[326,2,326,3],[326,5,326,6],[327,2,327,3],[327,5,327,6],[328,2,328,3],[328,5,328,6],[329,2,329,3],[329,5,329,6],[330,2,330,3],[330,5,330,6],[331,2,331,3],[331,5,331,6],[332,2,332,3],[332,5,332,6],[333,2,333,3],[333,5,333,6],[334,2,334,3],[334,5,334,6],[335,2,335,3],[335,5,335,6],[336,2,336,3],[336,5,336,6],[337,2,337,3],[337,5,337,6],[338,2,338,3],[338,5,338,6],[339,2,339,3],[339,5,339,6],[340,2,340,3],[340,5,340,6],[341,2,341,3],[341,5,341,6],[342,2,342,3],[342,5,342,6],[343,2,343,3],[343,5,343,6],[344,2,344,3],[344,5,344,6],[345,2,345,3],[345,5,345,6],[346,2,346,3],[346,5,346,6],[347,2,347,3],[347,5,347,6],[348,2,348,3],[348,5,348,6],[349,2,349,3],[349,5,349,6],[350,2,350,3],[350,5,350,6],[351,2,351,3],[351,5,351,6],[352,2,352,3],[352,5,352,6],[353,2,353,3],[353,5,353,6],[354,2,354,3],[354,5,354,6]]}
["人材机汇总"]
["工程名称：政务服务中心扩容提质项目",{"$nulls":5},"第 1 页  共 13 页"]
["编码","名称","规格型号",null,"单位","数量",null,"单价","合价"]
["00010010","人工费",null,null,"元","249460.6498",null,1.02,254449.86]
["RGFTZ","人工费调整",null,null,"元",1638.118,null,1,1638.12]
["01000001","型钢","综合",null,"kg",2.424,null,3.17,7.68]
["01000020","不锈钢型钢","综合",null,"t",0.4251,null,15056.65,6400.58]
["01010030","热轧圆盘条","φ10以内",null,"t",0.084,null,3253.98,273.33]
["01010035","热轧圆盘条","φ12~25",null,"t",0.101,null,3245.09,327.75]
["01010040","螺纹钢筋","φ25以内",null,"t",0.6003,null,3159.81,1896.83]
["01030017","镀锌低碳钢丝","φ4.0",null,"kg",3.2294,null,5.08,16.41]
["01030031","镀锌低碳钢丝","φ0.7~1.2",null,"kg",5.5046,null,5.08,27.96]
["01030035","镀锌低碳钢丝","φ1.2~2.5",null,"kg",34.9469,null,5.08,177.53]
["01050001","钢丝绳","φ14.1~15",null,"kg",15.7321,null,3.66,57.58]
["01090022","圆钢","φ10以内",null,"t",0.0642,null,3253.98,208.91]
["01090030","圆钢","φ12~25",null,"t",0.0474,null,3279.74,155.46]
["01210001","角钢","综合",null,"kg",101.4094,null,3.16,320.45]
["01290043","钢板","8~15",null,"kg",0.6688,null,3.38,2.26]
["01290160","钢板","6~7",null,"t",0.0337,null,3234.65,109.01]
["01410001","黄铜丝","综合",null,"kg",0.1489,null,48.06,7.16]
["01490020","电化角铝","25.4×2",null,"m",43.9424,null,3.07,134.9]
["01510020","铝合金型材","155系列",null,"kg",45.6494,null,17.89,816.67]
["01630130","吊装夹具",null,null,"套",0.0309,null,180,5.56]
["02010013","橡胶板","1~3",null,"kg",0.1735,null,25.7,4.46]
["02030010","胶条",null,null,"m",112.1404,null,0.67,75.13]
["02030040","门窗密封橡胶条",null,null,"m",91.1206,null,2.55,232.36]
["02070230","橡胶垫",null,null,"kg",0.06,null,7.16,0.43]
["02130075","聚四氟乙烯生料带","宽20",null,"m",3.12,null,2.1,6.55]
["02170060","透光亚克力板","方格型",null,"m2",88.3427,null,54.42,4807.61]
["02270001","棉纱",null,null,"kg",15.3766,null,11.47,176.37]
["02270020","白布",null,null,"kg",1.6436,null,2.75,4.52]
["02270070","土工布",null,null,"m2",5.5213,null,4.98,27.5]
["02290030","麻袋",null,null,"个",1.3007,null,1.89,2.46]
["03010040","铝拉铆钉","综合",null,"十个",51.1004,null,0.74,37.81]
["人材机汇总"]
["工程名称：政务服务中心扩容提质项目",{"$nulls":5},"第 2 页  共 13 页"]
["编码","名称","规格型号",null,"单位","数量",null,"单价","合价"]
["03010126","自攻螺钉","M3×10",null,"十套",21.1903,null,0.25,5.3]
["03010155","不锈钢螺钉","M5×12",null,"十套",205.601,null,2.23,458.49]
["03010195","木螺钉","M5×50",null,"十套",393.4673,null,0.32,125.91]
["03010225","木螺钉","M2~4×6~65",null,"十套",25.4565,null,0.18,4.58]
["03010227","木螺钉","32mm",null,"十套",1.5659,null,0.33,0.52]
["03010260","镀锌木螺钉","M6×100",null,"十套",16.08,null,1.79,28.78]
["03010320","螺母","综合",null,"十个",105.522,null,2.82,297.57]
["03010430","六角螺栓","综合",null,"kg",0.087,null,5.58,0.49]
["03011315","高强螺栓",null,null,"kg",3.6572,null,12,43.89]
["03011325","对拉螺栓",null,null,"kg",0.1166,null,5.38,0.63]
["03011350","膨胀螺栓","M6~12×50~120",null,"十套",0.206,null,56.57,11.65]
["03011390","铜接地端子带螺栓","DT-6mm2",null,"十套",19.4089,null,10.38,201.46]
["03011430","半圆头镀锌螺栓","M2~5×15~50",null,"十套",176.6362,null,0.43,75.95]
["03011595","镀锌六角螺栓","2平1弹垫 M8×100以内",null,"十套",2.1971,null,3.9,8.57]
["03011605","镀锌六角螺栓","2平1弹垫 M10×100以内",null,"十套",3.15,null,5.04,15.88]
["03013001","膨胀螺栓","综合",null,"十套",25.1483,null,2.63,66.14]
["03013051","膨胀螺栓","M10",null,"十套",6.12,null,5.82,35.62]
["03013101","膨胀螺栓","M5×50",null,"十套",8.6472,null,1.3,11.24]
["03013121","膨胀螺栓","M6×80",null,"十套",6.1588,null,2.65,16.32]
["03013151","膨胀螺栓","M8×80",null,"十套",3.7883,null,4.54,17.2]
["03013431","塑料胀管","D6~8",null,"十套",18.92,null,0.6,11.35]
["03014291","镀锌锁紧螺母","DN20×3",null,"十套",165.095,null,3.81,629.01]
["03016191","专用螺母垫圈","Q235 3#",null,"块",52.7609,null,0.99,52.23]
["03019011","圆钉","30~45",null,"kg",2.0504,null,5.02,10.29]
["03019021","圆钉","50~75",null,"kg",11.1121,null,4.94,54.89]
["03019031","射钉",null,null,"十个",6250.4397,null,0.06,375.03]
["03019041","枪钉",null,null,"盒",0.2226,null,6.35,1.41]
["03033003","不锈钢合页","100mm",null,"个",18.181,null,1.2,21.82]
["03033156","地弹簧",null,null,"台",6.06,null,130.82,792.77]
["03033161","闭门器",null,null,"副",1.01,null,46.35,46.81]
["人材机汇总"]
["工程名称：政务服务中心扩容提质项目",{"$nulls":5},"第 3 页  共 13 页"]
["编码","名称","规格型号",null,"单位","数量",null,"单价","合价"]
["03134011","水砂纸",null,null,"张",47.0759,null,0.77,36.25]
["03134021","铁砂布","0~2#",null,"张",16.3868,null,0.94,15.4]
["03135001","低碳钢焊条","综合",null,"kg",74.6222,null,6.22,464.15]
["03135021","低碳钢焊条","结422 φ3.2",null,"kg",0.0435,null,6.22,0.27]
["03135071","低合金钢耐热焊条","综合",null,"kg",8.9189,null,6.22,55.48]
["03136021","焊锡丝","综合",null,"kg",1.2,null,7.69,9.23]
["03136071","不锈钢焊丝",null,null,"kg",3.7071,null,25.32,93.86]
["03136141","银铜焊丝",null,null,"kg",0.5387,null,75.52,40.68]
["03136191","二氧化碳药芯焊丝","V-71",null,"kg",34.6189,null,10.99,380.46]
["03137041","焊锡膏",null,null,"kg",0.7354,null,47.01,34.57]
["03138001","锡基钎料",null,null,"kg",10.7005,null,52.47,561.46]
["03139021","冲击钻头","φ12",null,"个",0.36,null,8.55,3.08]
["03139071","冲击钻头","φ6~8",null,"个",1.2212,null,2.76,3.37]
["03139081","冲击钻头","φ8~16",null,"个",0.022,null,4.14,0.09]
["03139281","钢锯条",null,null,"条",53.0897,null,0.43,22.83]
["03139301","石料切割锯片",null,null,"片",0.0871,null,34.19,2.98]
["03213001","铁件","综合",null,"kg",297.3588,null,4.84,1439.22]
["03213111","镀锌铁码",null,null,"支",2018.1522,null,0.47,948.53]
["03213121","镀锌铁件",null,null,"kg",0.3268,null,4.55,1.49]
["04010015","复合普通硅酸盐水泥","P.C 32.5",null,"t",1.509,null,291.37,439.68]
["04010045","白色硅酸盐水泥","32.5",null,"t",0.0872,null,401.77,35.03]
["04030015","中砂",null,null,"m3",0.0603,null,188.2,11.35]
["04050025","碎石","10",null,"m3",0.0063,null,138.4,0.87]
["04130001","标准砖","240×115×53",null,"千块",0.2213,null,322.74,71.42]
["04130030","蒸压灰砂砖","240×115×115",null,"千块",10.878,null,550,5982.9]
["04130040","蒸压灰砂砖","240×175×115",null,"千块",0.3735,null,1054.8,393.97]
["04290010","预应力混凝土管桩","φ300",null,"m",124.56,null,85.36,10632.44]
["05030020","木方","25×40",null,"m",2564.111,null,2.12,5435.92]
["05030080","松杂板枋材",null,null,"m3",0.4957,null,1227.9,608.67]
["05030180","松木板",null,null,"m3",0.0006,null,1474.42,0.88]
["人材机汇总"]
["工程名称：政务服务中心扩容提质项目",{"$nulls":5},"第 4 页  共 13 页"]
["编码","名称","规格型号",null,"单位","数量",null,"单价","合价"]
["05030180","松木板",null,null,"m3",0.0516,null,1474.42,76.08]
["05030320","垫木",null,null,"m3",0.0504,null,1549.95,78.12]
["05030340","凹枋","25×40",null,"m",6153.8664,null,1.13,6953.87]
["05030370","松杂直边板",null,null,"m3",0.2067,null,1213.16,250.76]
["05030380","木材","锯材",null,"m3",0.0001,null,1194.9,0.12]
["05050070","亚克力面板","10mm厚",null,"m2",6.3,null,198.02,1247.53]
["05050080","胶合板","2440×1220×9",null,"m2",1342.0923,null,27.06,36317.02]
["05050120","防水胶合板","模板用 18mm",null,"m2",1.3144,null,40.96,53.84]
["05070001","碳晶纤维板（含印刷）","8mm",null,"m2",18.8475,null,48.82,920.13]
["06010010","平板玻璃","5",null,"m2",80.4834,null,24.29,1954.94]
["06010020","平板玻璃","8",null,"m2",15.0255,null,36.3,545.43]
["06050001","钢化玻璃","5",null,"m2",11.6309,null,39.59,460.47]
["06090015","夹胶玻璃","5+5",null,"m2",71.7346,null,87.5,6276.78]
["07010001","仿大理石纹砖","100×800",null,"m2",43.3187,null,56,2425.85]
["07050040","瓷质抛光砖","800×800",null,"m2",835.5993,null,76.55,63965.13]
["07250010","铝质活动地板","500×500×30",null,"m2",6.4395,null,330,2125.04]
["08000001","大理石石板","10mm厚",null,"m2",0.6843,null,129.43,88.57]
["08000001","米黄色石英石台面(人造石)","20mm",null,"m2",25.3858,null,287.61,7301.21]
["08030080","古木纹门槛石",null,null,"m2",0.7041,null,150.07,105.66]
["08030080","花岗岩石板",null,null,"m2",3.4238,null,150.07,513.81]
["09050010","白色氟碳铝板","3mm",null,"m2",26.218,null,274.61,7199.72]
["09050050","铝合金方板","600×600",null,"m2",219.5628,null,48,10539.01]
["09050260","不锈钢板",null,null,"m2",23.5019,null,89.38,2100.6]
["09130010","铝塑板","20mm",null,"m2",28.3058,null,90.42,2559.41]
["09130010","铝塑板","10mm",null,"m2",3.7741,null,40.86,154.21]
["10010040","轻钢中龙骨",null,null,"m",747.4672,null,3.58,2675.93]
["10010050","轻钢大龙骨","h=45",null,"m",410.2466,null,3.75,1538.42]
["10130030","轻钢中龙骨横撑","h19",null,"m",623.0593,null,3.58,2230.55]
["11010240","成品单开木门",null,null,"m2",13.64,null,500,6820]
["11190130","定制活动门板",null,null,"m2",2.16,null,110,237.6]
["11260020","百叶窗帘",null,null,"m2",245.8601,null,58.41,14360.69]
["人材机汇总"]
["工程名称：政务服务中心扩容提质项目",{"$nulls":5},"第 5 页  共 13 页"]
["编码","名称","规格型号",null,"单位","数量",null,"单价","合价"]
["13010120","酚醛磁漆",null,null,"kg",0.15,null,7.75,1.16]
["13010130","酚醛调和漆",null,null,"kg",0.45,null,9.13,4.11]
["13010150","酚醛清漆",null,null,"kg",319.6295,null,9.71,3103.6]
["13010210","环氧富锌底漆",null,null,"kg",4.7012,null,22.22,104.46]
["13030340","抗碱底涂料",null,null,"kg",207.6306,null,13.5,2803.01]
["13030450","内墙乳胶漆","底漆",null,"kg",368.7542,null,9.35,3447.85]
["13030460","内墙乳胶漆","面漆",null,"kg",417.9476,null,9.35,3907.81]
["13030500","腻子粉","成品(一般型)",null,"kg",1353.123,null,2.94,3978.18]
["13050400","防火涂料","木面",null,"kg",109.1845,null,13.17,1437.96]
["13050440","酚醛红丹防锈漆",null,null,"kg",3.9552,null,12.22,48.33]
["13350035","防水密封胶",null,null,"支",0.25,null,8.1,2.03]
["13410010","嵌缝料",null,null,"kg",1.4107,null,0.58,0.82]
["13410050","软填料",null,null,"kg",23.8082,null,3.9,92.85]
["14010001","防腐油",null,null,"kg",6.4672,null,31.33,202.62]
["14010030","松节油",null,null,"kg",0.4545,null,6.55,2.98]
["14030040","汽油","综合",null,"kg",37.027,null,7.94,293.99]
["14090010","电力复合脂",null,null,"kg",6.15,null,14.45,88.87]
["14090070","石蜡",null,null,"kg",0.1032,null,3,0.31]
["14210050","环氧树脂","综合",null,"kg",2.3126,null,24.89,57.56]
["14310050","草酸",null,null,"kg",0.0386,null,5.59,0.22]
["14330030","丙酮",null,null,"kg",1.5568,null,9.74,15.16]
["14350250","隔离剂",null,null,"kg",2.6616,null,7.05,18.76]
["14350300","环氧富锌底漆稀释剂",null,null,"kg",0.4701,null,31.25,14.69]
["14350490","漂白粉","综合",null,"kg",0.0141,null,5.31,0.07]
["14350680","稀释剂",null,null,"kg",243.6868,null,16.7,4069.57]
["14390020","氮气",null,null,"m3",6.4275,null,4.57,29.37]
["14390030","二氧化碳",null,null,"m3",34.8302,null,4.72,164.4]
["14390060","氩气",null,null,"m3",10.4434,null,12.08,126.16]
["14390070","氧气",null,null,"m3",37.4547,null,5.16,193.27]
["14390100","乙炔气",null,null,"kg",20.2081,null,13.3,268.77]
["14410020","202胶","FSC-2",null,"kg",6.384,null,6.73,42.96]
["人材机汇总"]
["工程名称：政务服务中心扩容提质项目",{"$nulls":5},"第 6 页  共 13 页"]
["编码","名称","规格型号",null,"单位","数量",null,"单价","合价"]
["14410120","玻璃胶",null,null,"L",1.7125,null,33.47,57.32]
["14410120","玻璃胶",null,null,"L",8.5838,null,33.47,287.3]
["14410130","玻璃胶","335克/支",null,"支",67.6901,null,13.18,892.16]
["14410410","氯丁橡胶粘接剂",null,null,"kg",5.5838,null,14.02,78.28]
["14410480","强力植筋胶",null,null,"L",6.1128,null,85,519.59]
["14410490","墙边胶",null,null,"L",26.9622,null,46.77,1261.02]
["14410500","乳液",null,null,"kg",3.4727,null,5.83,20.25]
["14410580","万能胶","1kg/瓶",null,"kg",13.1236,null,18.3,240.16]
["17010054","焊接钢管","DN20",null,"kg",0.291,null,3.5,1.02]
["17010470","钢管","φ48.3×3.6",null,"m",27.1145,null,13.08,354.66]
["17250170","塑料软管","D5",null,"m",2.7,null,0.4,1.08]
["17270175","橡胶软管","DN20",null,"m",0.1305,null,5,0.65]
["19000210","螺纹阀门","DN20",null,"个",0.087,null,26,2.26]
["24110140","弹簧压力表","Y-100 0~1.6MPa",null,"块",0.0435,null,20,0.87]
["24590010","压力表弯管","DN15",null,"个",0.0435,null,5.56,0.24]
["25590001","塑料灯带卡子",null,null,"十个",3.333,null,0.15,0.5]
["27170001","电气绝缘胶带","18mm×10m×0.13mm",null,"卷",40.1313,null,2.4,96.32]
["28010090","裸铜线","10mm2",null,"kg",3.45,null,53.88,185.89]
["28030300","双色多股铜芯聚氯乙烯绝缘软导线","BVR-6mm2",null,"m",47.0436,null,2.8,131.72]
["28030350","铜芯橡皮绝缘电线","3×2.5mm2",null,"m",1.527,null,4.55,6.95]
["28030450","铜芯聚氯乙烯绝缘导线","BV-105℃-2.5mm2",null,"m",54.5133,null,1.11,60.51]
["28030480","铜芯聚氯乙烯绝缘导线","BV-2.5mm2",null,"m",111.93,null,1.11,124.24]
["29060115","镀锌钢管塑料护口","DN15~20",null,"个",1650.95,null,0.06,99.06]
["29060280","难燃塑料管接头","20",null,"个",487.1985,null,0.48,233.86]
["29060285","难燃塑料管接头","25",null,"个",782.0089,null,0.53,414.46]
["29090210","铜接线端子","DT-2.5mm2",null,"个",251.72,null,1.06,266.82]
["29090220","铜接线端子","DT-10mm2",null,"个",30.45,null,2.25,68.51]
["人材机汇总"]
["工程名称：政务服务中心扩容提质项目",{"$nulls":5},"第 7 页  共 13 页"]
["编码","名称","规格型号",null,"单位","数量",null,"单价","合价"]
["29270110","镀锌电缆卡子","2×35",null,"个",16.8014,null,2.3,38.64]
["33010030","镀锌钢板横梁",null,null,"根",49.5538,null,2.3,113.97]
["33050030","支架","铸铁",null,"套",29.7323,null,19.97,593.75]
["34090010","白棉纱",null,null,"kg",12.5964,null,11.47,144.48]
["34110010","水",null,null,"m3",41.8672,null,4.62,193.43]
["35030020","脚手架接驳管","φ43×350",null,"支",0.8558,null,5.74,4.91]
["35030030","脚手架钢管底座",null,null,"个",0.5391,null,7.05,3.8]
["35030160","脚手架活动扣(含螺丝)",null,null,"套",2.1093,null,5.62,11.85]
["35030170","脚手架直角扣(含螺丝)",null,null,"套",5.3446,null,5.24,28.01]
["35090230","钢支撑",null,null,"kg",7.7008,null,3.88,29.88]
["37091110","钢垫板","1~2",null,"kg",2.25,null,4.37,9.83]
["99450760","其他材料费",null,null,"元",2148.6671,null,1,2148.67]
["BCCLF100","黄线外等候",null,null,"m",200,null,4.44,888]
["BCCLF101","服务时间\n周一至周五对外服务时间：\n上午：8:45-12:00\n下午：2:30-5:30\n周六工程建设项目窗口\n对外服务时间：\n上午：9:00-11:30\n下午：2:30-5:00","1.彩白彩\n2.尺寸：45*30",null,"套",1,null,71.07,71.07]
["BCCLF102","服务日期\n周一至周五对服务时间：\n上午：8:45-12:00\n下午：2:30-5:00","1.彩白彩\n2.尺寸：40*18",null,"套",2,null,79.95,159.9]
["BCCLF103","龙湖区政务服务中心防撞红底标识","1.玻璃贴（地贴）\n2.宽10cm",null,"套",35,null,33.76,1181.6]
["人材机汇总"]
["工程名称：政务服务中心扩容提质项目",{"$nulls":5},"第 8 页  共 13 页"]
["编码","名称","规格型号",null,"单位","数量",null,"单价","合价"]
["BCCLF104","咨询台服务项目标识","1.彩白彩",null,"套",2,null,44.42,88.84]
["BCCLF105","咨询台亚克力字体","1.亚克力",null,"套",3,null,133.25,399.75]
["BCCLF106","门头亚克力字体","1.亚克力\n2.西厅/社保专厅/公安专厅",null,"套",3,null,310.92,932.76]
["BCCLF107","证件领取","1.亚克力",null,"套",10,null,195.43,1954.3]
["BCCLF108","背景墙字体","1.亚克力\n2.250*50",null,"套",1,null,2220.84,2220.84]
["BCCLF109","智能服务区标识","1.亚克力\n2.背景logo及字，不含白色背景板",null,"套",1,null,1066,1066]
["BCCLF111","隔离带","1.宽10cm，长20米",null,"套",1,null,266.5,266.5]
["BCCLF112","窗口信息牌","1.亚克力\n2.50*40、50*80",null,"套",1,null,888.34,888.34]
["BCCLF113","双面灯箱","1.60*45",null,"套",1,null,710.67,710.67]
["BCCLF114","门牌","1.透明亚克力\n2.16.5*16.5",null,"套",2,null,44.42,88.84]
["BCCLF115","24小时智能标识","1.亚克力\n2.50*80",null,"套",1,null,843.92,843.92]
["BCCLF116","服务标识","1.亚克力\n2.15*35",null,"套",10,null,84.39,843.9]
["BCCLF117","公告栏","1.灯布贴透明盒\n2.250*120（3块）、200*120（1块）、150*100（2块）、120*150（1块）",null,"套",7,null,824.88,5774.16]
["BCCLF118","大门门头招牌","1.铝塑板+LED发光字\n2.350*65",null,"套",1,null,15990.05,15990.05]
["BCCLF119","门口指引牌","1.不锈钢+玻璃\n2.170*60*45",null,"套",1,null,1154.84,1154.84]
["BCCLF120","公安门头照牌","1.底版+亚克力字体\n2.400*80",null,"套",1,null,3375.68,3375.68]
["BCCLF93","定制木抽屉",null,null,"个",14,null,82.5,1155]
["人材机汇总"]
["工程名称：政务服务中心扩容提质项目",{"$nulls":5},"第 9 页  共 13 页"]
["编码","名称","规格型号",null,"单位","数量",null,"单价","合价"]
["BCCLF94","正在办公/休息中/直饮净化水等提示牌","1.材质：透明亚克力\n2.尺寸：25*15",null,"套",5,null,81.73,408.65]
["BCCLF95","请勿吸烟/请讲普通话/请写规范字/监控区域/无线上网覆盖WiFi/审批室/请勿大声喧哗、自助电脑区/请节约用电/询问室/休息室/办公室等提示牌","1.材质：透明亚克力\n2.尺寸：30*18",null,"套",55,null,84.39,4641.45]
["BCCLF96","军人优先/道德模范、身边好人等先进模范优先/为听障/视障人士提供全程无障碍导办服务/龙湖区政务服务中心学雷锋志愿服务站/老年人、残疾人服务通道/申办辅导区/投诉受理区/暂停服务等窗口台牌","1.材质：透明亚克力\n2.尺寸：30*15",null,"套",20,null,84.39,1687.8]
["BCCLF97","免费停车温馨提示/免费打印复印指引/业务指引等窗口台牌","1.材质：透明亚克力\n2.尺寸：25*18",null,"套",20,null,84.39,1687.8]
["BCCLF98","公益广告","1.材质：KT板（蓝边）\n2.尺寸：53*78",null,"套",20,null,88.83,1776.6]
["BCCLF99","志愿者便民服务牌","1.材质：透明亚克力\n2.尺寸：37*49",null,"套",3,null,177.67,533.01]
["MC1-102","铝合金固定窗","矩形",null,"m2",80.4834,null,216.5,17424.66]
["MC1-51","成品不锈钢门",null,null,"m2",3.84,null,785,3014.4]
["MC1-74","钢质防火门","单扇(乙级)",null,"m2",1.98,null,401.42,794.81]
["MC1-82","不锈钢拉闸门",null,null,"m2",5.0814,null,406.84,2067.32]
["人材机汇总"]
["工程名称：政务服务中心扩容提质项目",{"$nulls":5},"第 10 页  共 13 页"]
["编码","名称","规格型号",null,"单位","数量",null,"单价","合价"]
["MC1-97","铝合金全玻双扇平开门46系列","无上亮",null,"m2",28.167,null,309.42,8715.43]
["补充材料001","亚克力字",null,null,"个",38,null,5,190]
["8021902","普通预拌混凝土","碎石粒径综合考虑 C15",null,"m3",1.8554,null,345.15,640.39]
["8021903","普通预拌混凝土","碎石粒径综合考虑 C20",null,"m3",0.8531,null,356.46,304.1]
["8021905","普通预拌混凝土","碎石粒径综合考虑 C30",null,"m3",4.298,null,379.2,1629.8]
["8021906","普通预拌混凝土","碎石粒径综合考虑 C35",null,"m3",0.1015,null,394.73,40.07]
["8005901","湿拌砌筑砂浆","砌筑灰缝≥5mm M5",null,"m3",5.2587,null,280.09,1472.91]
["8005908","湿拌抹灰砂浆","一次抹灰厚度≥5mm M15",null,"m3",26.7345,null,338.17,9040.81]
["8005909","湿拌抹灰砂浆","一次抹灰厚度≥5mm M20",null,"m3",0.5448,null,362.7,197.6]
["8005910","湿拌地面砂浆","地面普通找平 M15",null,"m3",0.0786,null,328.67,25.83]
["8005911","湿拌地面砂浆","地面普通找平 M20",null,"m3",57.3573,null,353.21,20259.17]
["17150020","铜管9.5/15.9",null,null,"m",131.5782,null,32.78,4313.13]
["17150020","铜管6.4/12.7",null,null,"m",39.2719,null,46,1806.51]
["17250050","塑料管PVC-U-DN20",null,null,"m",74.8508,null,1.95,145.96]
["17250050","塑料给水管PP-R-20",null,null,"m",62.3519,null,2.16,134.68]
["17250050","塑料管PVC-U-DN25",null,null,"m",83.7357,null,2.24,187.57]
["17250370","排水用PVC-U-50",null,null,"m",8.8621,null,4.82,42.72]
["18090060","室内塑料排水管件DN50",null,null,"个",6.0423,null,1,6.04]
["18090350","室内塑料给水管接头零件(粘接)DN20",null,null,"个",205.2638,null,0.6,123.16]
["18090350","室内塑料给水管接头零件(粘接)DN25",null,null,"个",100.9608,null,0.8,80.77]
["21090001","成套洗脸盆",null,null,"套",1.01,null,300,303]
["人材机汇总"]
["工程名称：政务服务中心扩容提质项目",{"$nulls":5},"第 11 页  共 13 页"]
["编码","名称","规格型号",null,"单位","数量",null,"单价","合价"]
["25000001","96X96嵌入式LED射灯18W  4500K",null,null,"套",83.83,null,56.13,4705.38]
["25000001","Φ316吸顶式LED声控消防应急灯",null,null,"套",3.03,null,28,84.84]
["25000001","600X600嵌入式LED平板灯 38W 4500K",null,null,"套",74.74,null,107,7997.18]
["25000001","300X1200嵌入式LED平板灯 38W 4500K",null,null,"套",46.46,null,89.09,4139.12]
["25000001","LED灯盘1600*1200",null,null,"套",34.34,null,230.97,7931.51]
["25000001","LED灯盘1800*750",null,null,"套",11.11,null,248.73,2763.39]
["25570010","软灯带7W/m",null,null,"m",29.1456,null,16,466.33]
["26050001","单联单控暗开关",null,null,"个",12.24,null,9.38,114.81]
["26050001","双联单控暗开关",null,null,"个",8.16,null,10,81.6]
["26050001","三联单控暗开关",null,null,"个",16.32,null,11.45,186.86]
["26410050","电话插座",null,null,"个",83.83,null,15.45,1295.17]
["26410060","单相三孔插座",null,null,"个",257.04,null,7.74,1989.49]
["26410060","空调插座",null,null,"个",28.56,null,10.28,293.6]
["28030170","绝缘电线配线WDZR-BYJ-2.5",null,null,"m",6100.6198,null,1.72,10493.07]
["28030170","绝缘电线WDZR-BYJ4.0",null,null,"m",1253.3789,null,1.95,2444.09]
["28030410","多股铜芯聚氯乙烯绝缘导线RVV3*1","BV",null,"m",35.3441,null,2.51,88.71]
["28030410","多股铜芯聚氯乙烯绝缘导线RVV2*1.5","BV",null,"m",115.317,null,2.76,318.27]
["28030410","多股铜芯聚氯乙烯绝缘导线RVVP2*1.0","BV",null,"m",55.6276,null,3.7,205.82]
["28030410","多股铜芯聚氯乙烯绝缘导线RVV3*2.5","BV",null,"m",139.4971,null,8.5,1185.73]
["人材机汇总"]
["工程名称：政务服务中心扩容提质项目",{"$nulls":5},"第 12 页  共 13 页"]
["编码","名称","规格型号",null,"单位","数量",null,"单价","合价"]
["28030410","多股铜芯聚氯乙烯绝缘导线RVVP2*0.75","BV",null,"m",25.8196,null,2.89,74.62]
["28030410","多股铜芯聚氯乙烯绝缘导线 RVV2*1","BV",null,"m",12.6403,null,1.77,22.37]
["28110165","控制电缆RVV3*4",null,null,"m",72.878,null,8.35,608.53]
["28250010","光缆UTP6",null,null,"m",7864.2204,null,2.08,16357.58]
["29030030","金属线槽MR200*100",null,null,"m",134.5294,null,28.22,3796.42]
["29030030","金属线槽MR100*100",null,null,"m",55.8631,null,19.34,1080.39]
["29060140","刚性难燃管PC20",null,null,"m",2081.2363,null,1.11,2310.17]
["29060140","刚性难燃管PC-25",null,null,"m",3340.6208,null,1.77,5912.9]
["29110390","接线盒",null,null,"个",756.84,null,1,756.84]
["30130010","双口网络插座",null,null,"个",97.97,null,35.53,3480.87]
["30130010","单口网络插座",null,null,"个",22.22,null,20.43,453.95]
["33010088","钢梁GL2（含制作基费）","200*100*6",null,"t",0.2719,null,4530.97,1231.97]
["33010088","钢梁GL1（含制作基费）","200*200*6",null,"t",1.2729,null,4530.97,5767.47]
["33010365","钢柱GZ1（含制作基费）","200*200*8",null,"t",2.5322,null,4530.97,11473.32]
["33010365","钢柱MZ1（含制作基费）","口100*200*6",null,"t",0.3581,null,4530.97,1622.54]
["50350020","天花式排气扇",null,null,"台",23,null,100,2300]
["55090080","成套配电箱ALZ",null,null,"台",1,null,1800,1800]
["55090080","成套配电箱ALZ1",null,null,"台",1,null,2400,2400]
["55090080","成套配电箱ALZ2",null,null,"台",1,null,1600,1600]
["55090080","成套配电箱XWS",null,null,"台",1,null,1200,1200]
["55090080","成套配电箱XXS",null,null,"台",1,null,1200,1200]
["55090080","成套配电箱二层BG1/2/5",null,null,"台",3,null,750,2250]
["55090080","成套配电箱二层BG3/4",null,null,"台",1,null,750,750]
["人材机汇总"]
["工程名称：政务服务中心扩容提质项目",{"$nulls":5},"第 13 页  共 13 页"]
["编码","名称","规格型号",null,"单位","数量",null,"单价","合价"]
["55090080","成套配电箱三层BG1/BG2/HZS",null,null,"台",3,null,750,2250]
["55090080","成套配电箱三层BG1~3",null,null,"台",3,null,750,2250]
["00010003","机上人工",null,null,"工日",18.0702,null,234.6,4239.27]
["99450630","折旧费",null,null,"元",2910.6233,null,1,2910.62]
["99450640","检修费",null,null,"元",744.3397,null,1,744.34]
["99450650","维护费",null,null,"元",2799.6341,null,1,2799.63]
["99450660","安拆费",null,null,"元",153.3796,null,1,153.38]
["99450670","汽油","(机械用)国Ⅲ93#",null,"kg",399.4095,null,7.94,3171.31]
["99450680","柴油","(机械用)0#",null,"kg",123.5878,null,7.05,871.29]
["99450700","电","(机械用)",null,"kw·h",851.3678,null,0.62,527.85]
["99451300","校验费",null,null,"元",57.4396,null,1,57.44]
["JXFTZ","机械费调整",null,null,"元",0.5601,null,1,0.56]